<?xml version="1.0" encoding="UTF-8"?>
<record
    xmlns:xsi="http://www.w3.org/2001/XMLSchema-instance"
    xsi:schemaLocation="http://www.loc.gov/MARC21/slim http://www.loc.gov/standards/marcxml/schema/MARC21slim.xsd"
    xmlns="http://www.loc.gov/MARC21/slim">

  <leader>00557    a2200205   4500</leader>
  <controlfield tag="001">110171</controlfield>
  <datafield tag="020" ind1=" " ind2=" ">
    <subfield code="a">9780133126051</subfield>
  </datafield>
  <datafield tag="041" ind1=" " ind2=" ">
    <subfield code="a">por</subfield>
  </datafield>
  <datafield tag="082" ind1=" " ind2=" ">
    <subfield code="a">P Year 3 500</subfield>
  </datafield>
  <datafield tag="100" ind1=" " ind2=" ">
    <subfield code="a">Aspen-Baxter, Linda</subfield>
  </datafield>
  <datafield tag="300" ind1=" " ind2=" ">
    <subfield code="a">205 p</subfield>
  </datafield>
  <datafield tag="697" ind1=" " ind2=" ">
    <subfield code="a">Science - Study and teaching.</subfield>
  </datafield>
  <datafield tag="700" ind1=" " ind2=" ">
    <subfield code="a">Aspen-Baxter, Linda [et.al.]</subfield>
  </datafield>
  <datafield tag="856" ind1=" " ind2=" ">
    <subfield code="u">000018/00001899.jpg</subfield>
  </datafield>
  <datafield tag="040" ind1=" " ind2=" ">
    <subfield code="a">BR-BrIDEA</subfield>
    <subfield code="c">BR-BrIDEA</subfield>
  </datafield>
  <datafield tag="090" ind1=" " ind2=" ">
    <subfield code="a">P Year 3 500</subfield>
    <subfield code="b">ASP</subfield>
  </datafield>
  <datafield tag="245" ind1="1" ind2="0">
    <subfield code="a">Pearson science 3</subfield>
    <subfield code="b">Saskatchewan edition</subfield>
    <subfield code="c">Linda Aspen-Baxter et al</subfield>
  </datafield>
  <datafield tag="260" ind1=" " ind2=" ">
    <subfield code="a">[S.l.]</subfield>
    <subfield code="b">Pearson Canada</subfield>
    <subfield code="c">2013</subfield>
  </datafield>
  <datafield tag="942" ind1=" " ind2=" ">
    <subfield code="c">BK</subfield>
  </datafield>
  <datafield tag="952" ind1=" " ind2=" ">
    <subfield code="0">0</subfield>
    <subfield code="1">0</subfield>
    <subfield code="2">ddc</subfield>
    <subfield code="4">0</subfield>
    <subfield code="7">0</subfield>
    <subfield code="a">12.28</subfield>
    <subfield code="b">12.28</subfield>
    <subfield code="d">2016-10-11</subfield>
    <subfield code="l">1</subfield>
    <subfield code="o">P Year 3 500</subfield>
    <subfield code="p">00024782SSW</subfield>
    <subfield code="q">2024-11-29</subfield>
    <subfield code="r">2024-02-21 16:21:31</subfield>
    <subfield code="s">2024-02-21</subfield>
    <subfield code="w">2024-01-23</subfield>
    <subfield code="y">TXB</subfield>
  </datafield>
  <datafield tag="952" ind1=" " ind2=" ">
    <subfield code="0">0</subfield>
    <subfield code="1">0</subfield>
    <subfield code="2">ddc</subfield>
    <subfield code="4">0</subfield>
    <subfield code="7">0</subfield>
    <subfield code="a">12.28</subfield>
    <subfield code="b">12.28</subfield>
    <subfield code="d">2016-10-11</subfield>
    <subfield code="l">1</subfield>
    <subfield code="o">P Year 3 500</subfield>
    <subfield code="p">00024780SSW</subfield>
    <subfield code="q">2024-11-29</subfield>
    <subfield code="r">2024-02-20 21:29:34</subfield>
    <subfield code="s">2024-02-20</subfield>
    <subfield code="w">2024-01-23</subfield>
    <subfield code="y">TXB</subfield>
  </datafield>
  <datafield tag="952" ind1=" " ind2=" ">
    <subfield code="0">0</subfield>
    <subfield code="1">0</subfield>
    <subfield code="2">ddc</subfield>
    <subfield code="4">0</subfield>
    <subfield code="7">0</subfield>
    <subfield code="a">12.28</subfield>
    <subfield code="b">12.28</subfield>
    <subfield code="d">2017-12-05</subfield>
    <subfield code="l">0</subfield>
    <subfield code="o">P Year 3 500</subfield>
    <subfield code="p">00030567SSW</subfield>
    <subfield code="r">2024-01-23 14:43:39</subfield>
    <subfield code="w">2024-01-23</subfield>
    <subfield code="y">TXB</subfield>
  </datafield>
  <datafield tag="952" ind1=" " ind2=" ">
    <subfield code="0">0</subfield>
    <subfield code="1">0</subfield>
    <subfield code="2">ddc</subfield>
    <subfield code="4">0</subfield>
    <subfield code="7">0</subfield>
    <subfield code="a">12.28</subfield>
    <subfield code="b">12.28</subfield>
    <subfield code="d">2017-12-05</subfield>
    <subfield code="l">0</subfield>
    <subfield code="o">P Year 3 500</subfield>
    <subfield code="p">00030570SSW</subfield>
    <subfield code="r">2024-01-23 14:43:39</subfield>
    <subfield code="w">2024-01-23</subfield>
    <subfield code="y">TXB</subfield>
  </datafield>
  <datafield tag="952" ind1=" " ind2=" ">
    <subfield code="0">0</subfield>
    <subfield code="1">0</subfield>
    <subfield code="2">ddc</subfield>
    <subfield code="4">0</subfield>
    <subfield code="7">0</subfield>
    <subfield code="a">12.28</subfield>
    <subfield code="b">12.28</subfield>
    <subfield code="d">2017-12-05</subfield>
    <subfield code="l">1</subfield>
    <subfield code="o">P Year 3 500</subfield>
    <subfield code="p">00030575SSW</subfield>
    <subfield code="q">2024-11-29</subfield>
    <subfield code="r">2024-02-20 20:38:10</subfield>
    <subfield code="s">2024-02-20</subfield>
    <subfield code="w">2024-01-23</subfield>
    <subfield code="y">TXB</subfield>
  </datafield>
  <datafield tag="952" ind1=" " ind2=" ">
    <subfield code="0">0</subfield>
    <subfield code="1">0</subfield>
    <subfield code="2">ddc</subfield>
    <subfield code="4">0</subfield>
    <subfield code="7">0</subfield>
    <subfield code="a">12.28</subfield>
    <subfield code="b">12.28</subfield>
    <subfield code="d">2017-12-05</subfield>
    <subfield code="l">0</subfield>
    <subfield code="o">P Year 3 500</subfield>
    <subfield code="p">00030578SSW</subfield>
    <subfield code="r">2024-01-23 14:43:39</subfield>
    <subfield code="w">2024-01-23</subfield>
    <subfield code="y">TXB</subfield>
  </datafield>
  <datafield tag="952" ind1=" " ind2=" ">
    <subfield code="0">0</subfield>
    <subfield code="1">0</subfield>
    <subfield code="2">ddc</subfield>
    <subfield code="4">0</subfield>
    <subfield code="7">0</subfield>
    <subfield code="a">12.28</subfield>
    <subfield code="b">12.28</subfield>
    <subfield code="d">2017-12-05</subfield>
    <subfield code="l">1</subfield>
    <subfield code="o">P Year 3 500</subfield>
    <subfield code="p">00030583SSW</subfield>
    <subfield code="q">2024-11-29</subfield>
    <subfield code="r">2024-02-20 21:53:25</subfield>
    <subfield code="s">2024-02-20</subfield>
    <subfield code="w">2024-01-23</subfield>
    <subfield code="y">TXB</subfield>
  </datafield>
  <datafield tag="952" ind1=" " ind2=" ">
    <subfield code="0">0</subfield>
    <subfield code="1">0</subfield>
    <subfield code="2">ddc</subfield>
    <subfield code="4">0</subfield>
    <subfield code="7">0</subfield>
    <subfield code="a">12.28</subfield>
    <subfield code="b">12.28</subfield>
    <subfield code="d">2017-12-05</subfield>
    <subfield code="l">1</subfield>
    <subfield code="o">P Year 3 500</subfield>
    <subfield code="p">00030586SSW</subfield>
    <subfield code="q">2024-11-29</subfield>
    <subfield code="r">2024-02-20 18:16:07</subfield>
    <subfield code="s">2024-02-20</subfield>
    <subfield code="w">2024-01-23</subfield>
    <subfield code="y">TXB</subfield>
  </datafield>
  <datafield tag="952" ind1=" " ind2=" ">
    <subfield code="0">0</subfield>
    <subfield code="1">0</subfield>
    <subfield code="2">ddc</subfield>
    <subfield code="4">0</subfield>
    <subfield code="7">0</subfield>
    <subfield code="a">12.28</subfield>
    <subfield code="b">12.28</subfield>
    <subfield code="d">2017-12-05</subfield>
    <subfield code="l">0</subfield>
    <subfield code="o">P Year 3 500</subfield>
    <subfield code="p">00030591SSW</subfield>
    <subfield code="r">2024-01-23 14:43:39</subfield>
    <subfield code="w">2024-01-23</subfield>
    <subfield code="y">TXB</subfield>
  </datafield>
  <datafield tag="952" ind1=" " ind2=" ">
    <subfield code="0">0</subfield>
    <subfield code="1">0</subfield>
    <subfield code="2">ddc</subfield>
    <subfield code="4">0</subfield>
    <subfield code="7">0</subfield>
    <subfield code="a">12.28</subfield>
    <subfield code="b">12.28</subfield>
    <subfield code="d">2017-12-05</subfield>
    <subfield code="l">1</subfield>
    <subfield code="o">P Year 3 500</subfield>
    <subfield code="p">00030594SSW</subfield>
    <subfield code="q">2024-11-29</subfield>
    <subfield code="r">2024-02-21 17:35:14</subfield>
    <subfield code="s">2024-02-21</subfield>
    <subfield code="w">2024-01-23</subfield>
    <subfield code="y">TXB</subfield>
  </datafield>
  <datafield tag="952" ind1=" " ind2=" ">
    <subfield code="0">0</subfield>
    <subfield code="1">0</subfield>
    <subfield code="2">ddc</subfield>
    <subfield code="4">0</subfield>
    <subfield code="7">0</subfield>
    <subfield code="a">12.28</subfield>
    <subfield code="b">12.28</subfield>
    <subfield code="d">2017-12-05</subfield>
    <subfield code="l">1</subfield>
    <subfield code="o">P Year 3 500</subfield>
    <subfield code="p">00030599SSW</subfield>
    <subfield code="q">2024-11-29</subfield>
    <subfield code="r">2024-02-21 16:10:18</subfield>
    <subfield code="s">2024-02-21</subfield>
    <subfield code="w">2024-01-23</subfield>
    <subfield code="y">TXB</subfield>
  </datafield>
  <datafield tag="952" ind1=" " ind2=" ">
    <subfield code="0">0</subfield>
    <subfield code="1">0</subfield>
    <subfield code="2">ddc</subfield>
    <subfield code="4">0</subfield>
    <subfield code="7">0</subfield>
    <subfield code="a">12.28</subfield>
    <subfield code="b">12.28</subfield>
    <subfield code="d">2017-12-05</subfield>
    <subfield code="l">1</subfield>
    <subfield code="o">P Year 3 500</subfield>
    <subfield code="p">00030604SSW</subfield>
    <subfield code="q">2024-11-29</subfield>
    <subfield code="r">2024-02-20 21:45:36</subfield>
    <subfield code="s">2024-02-20</subfield>
    <subfield code="w">2024-01-23</subfield>
    <subfield code="y">TXB</subfield>
  </datafield>
  <datafield tag="952" ind1=" " ind2=" ">
    <subfield code="0">0</subfield>
    <subfield code="1">0</subfield>
    <subfield code="2">ddc</subfield>
    <subfield code="4">0</subfield>
    <subfield code="7">0</subfield>
    <subfield code="a">12.28</subfield>
    <subfield code="b">12.28</subfield>
    <subfield code="d">2017-12-05</subfield>
    <subfield code="l">1</subfield>
    <subfield code="o">P Year 3 500</subfield>
    <subfield code="p">00030607SSW</subfield>
    <subfield code="q">2024-11-29</subfield>
    <subfield code="r">2024-02-20 21:57:09</subfield>
    <subfield code="s">2024-02-20</subfield>
    <subfield code="w">2024-01-23</subfield>
    <subfield code="y">TXB</subfield>
  </datafield>
  <datafield tag="952" ind1=" " ind2=" ">
    <subfield code="0">0</subfield>
    <subfield code="1">0</subfield>
    <subfield code="2">ddc</subfield>
    <subfield code="4">0</subfield>
    <subfield code="7">0</subfield>
    <subfield code="a">12.28</subfield>
    <subfield code="b">12.28</subfield>
    <subfield code="d">2017-12-05</subfield>
    <subfield code="l">0</subfield>
    <subfield code="o">P Year 3 500</subfield>
    <subfield code="p">00030612SSW</subfield>
    <subfield code="r">2024-01-23 14:43:40</subfield>
    <subfield code="w">2024-01-23</subfield>
    <subfield code="y">TXB</subfield>
  </datafield>
  <datafield tag="952" ind1=" " ind2=" ">
    <subfield code="0">0</subfield>
    <subfield code="1">0</subfield>
    <subfield code="2">ddc</subfield>
    <subfield code="4">0</subfield>
    <subfield code="7">0</subfield>
    <subfield code="a">12.28</subfield>
    <subfield code="b">12.28</subfield>
    <subfield code="d">2017-12-05</subfield>
    <subfield code="l">1</subfield>
    <subfield code="o">P Year 3 500</subfield>
    <subfield code="p">00030615SSW</subfield>
    <subfield code="q">2024-11-29</subfield>
    <subfield code="r">2024-02-20 20:15:33</subfield>
    <subfield code="s">2024-02-20</subfield>
    <subfield code="w">2024-01-23</subfield>
    <subfield code="y">TXB</subfield>
  </datafield>
  <datafield tag="952" ind1=" " ind2=" ">
    <subfield code="0">0</subfield>
    <subfield code="1">0</subfield>
    <subfield code="2">ddc</subfield>
    <subfield code="4">0</subfield>
    <subfield code="7">0</subfield>
    <subfield code="a">12.28</subfield>
    <subfield code="b">12.28</subfield>
    <subfield code="d">2017-12-05</subfield>
    <subfield code="l">1</subfield>
    <subfield code="o">P Year 3 500</subfield>
    <subfield code="p">00030623SSW</subfield>
    <subfield code="q">2024-11-29</subfield>
    <subfield code="r">2024-02-20 20:48:25</subfield>
    <subfield code="s">2024-02-20</subfield>
    <subfield code="w">2024-01-23</subfield>
    <subfield code="y">TXB</subfield>
  </datafield>
  <datafield tag="952" ind1=" " ind2=" ">
    <subfield code="0">0</subfield>
    <subfield code="1">0</subfield>
    <subfield code="2">ddc</subfield>
    <subfield code="4">0</subfield>
    <subfield code="7">0</subfield>
    <subfield code="a">12.28</subfield>
    <subfield code="b">12.28</subfield>
    <subfield code="d">2017-12-05</subfield>
    <subfield code="l">0</subfield>
    <subfield code="o">P Year 3 500</subfield>
    <subfield code="p">00030628SSW</subfield>
    <subfield code="r">2024-01-23 14:43:40</subfield>
    <subfield code="w">2024-01-23</subfield>
    <subfield code="y">TXB</subfield>
  </datafield>
  <datafield tag="952" ind1=" " ind2=" ">
    <subfield code="0">0</subfield>
    <subfield code="1">0</subfield>
    <subfield code="2">ddc</subfield>
    <subfield code="4">0</subfield>
    <subfield code="7">0</subfield>
    <subfield code="a">12.28</subfield>
    <subfield code="b">12.28</subfield>
    <subfield code="d">2017-12-05</subfield>
    <subfield code="l">0</subfield>
    <subfield code="o">P Year 3 500</subfield>
    <subfield code="p">00030631SSW</subfield>
    <subfield code="r">2024-01-23 14:43:40</subfield>
    <subfield code="w">2024-01-23</subfield>
    <subfield code="y">TXB</subfield>
  </datafield>
  <datafield tag="952" ind1=" " ind2=" ">
    <subfield code="0">0</subfield>
    <subfield code="1">0</subfield>
    <subfield code="2">ddc</subfield>
    <subfield code="4">0</subfield>
    <subfield code="7">0</subfield>
    <subfield code="a">12.28</subfield>
    <subfield code="b">12.28</subfield>
    <subfield code="d">2017-12-05</subfield>
    <subfield code="l">0</subfield>
    <subfield code="o">P Year 3 500</subfield>
    <subfield code="p">00030636SSW</subfield>
    <subfield code="r">2024-01-23 14:43:40</subfield>
    <subfield code="w">2024-01-23</subfield>
    <subfield code="y">TXB</subfield>
  </datafield>
  <datafield tag="952" ind1=" " ind2=" ">
    <subfield code="0">0</subfield>
    <subfield code="1">0</subfield>
    <subfield code="2">ddc</subfield>
    <subfield code="4">0</subfield>
    <subfield code="7">0</subfield>
    <subfield code="a">12.28</subfield>
    <subfield code="b">12.28</subfield>
    <subfield code="d">2017-12-05</subfield>
    <subfield code="l">0</subfield>
    <subfield code="o">P Year 3 500</subfield>
    <subfield code="p">00030639SSW</subfield>
    <subfield code="r">2024-01-23 14:43:40</subfield>
    <subfield code="w">2024-01-23</subfield>
    <subfield code="y">TXB</subfield>
  </datafield>
  <datafield tag="952" ind1=" " ind2=" ">
    <subfield code="0">0</subfield>
    <subfield code="1">0</subfield>
    <subfield code="2">ddc</subfield>
    <subfield code="4">0</subfield>
    <subfield code="7">0</subfield>
    <subfield code="a">12.28</subfield>
    <subfield code="b">12.28</subfield>
    <subfield code="d">2017-12-05</subfield>
    <subfield code="l">1</subfield>
    <subfield code="o">P Year 3 500</subfield>
    <subfield code="p">00030644SSW</subfield>
    <subfield code="q">2024-11-29</subfield>
    <subfield code="r">2024-02-20 21:40:02</subfield>
    <subfield code="s">2024-02-20</subfield>
    <subfield code="w">2024-01-23</subfield>
    <subfield code="y">TXB</subfield>
  </datafield>
  <datafield tag="952" ind1=" " ind2=" ">
    <subfield code="0">0</subfield>
    <subfield code="1">0</subfield>
    <subfield code="2">ddc</subfield>
    <subfield code="4">0</subfield>
    <subfield code="7">0</subfield>
    <subfield code="a">12.28</subfield>
    <subfield code="b">12.28</subfield>
    <subfield code="d">2017-12-05</subfield>
    <subfield code="l">1</subfield>
    <subfield code="o">P Year 3 500</subfield>
    <subfield code="p">00030649SSW</subfield>
    <subfield code="q">2024-11-29</subfield>
    <subfield code="r">2024-02-20 21:54:52</subfield>
    <subfield code="s">2024-02-20</subfield>
    <subfield code="w">2024-01-23</subfield>
    <subfield code="y">TXB</subfield>
  </datafield>
  <datafield tag="952" ind1=" " ind2=" ">
    <subfield code="0">0</subfield>
    <subfield code="1">0</subfield>
    <subfield code="2">ddc</subfield>
    <subfield code="4">0</subfield>
    <subfield code="7">0</subfield>
    <subfield code="a">12.28</subfield>
    <subfield code="b">12.28</subfield>
    <subfield code="d">2017-12-05</subfield>
    <subfield code="l">1</subfield>
    <subfield code="o">P Year 3 500</subfield>
    <subfield code="p">00030652SSW</subfield>
    <subfield code="q">2024-11-29</subfield>
    <subfield code="r">2024-02-20 21:23:19</subfield>
    <subfield code="s">2024-02-20</subfield>
    <subfield code="w">2024-01-23</subfield>
    <subfield code="y">TXB</subfield>
  </datafield>
  <datafield tag="952" ind1=" " ind2=" ">
    <subfield code="0">0</subfield>
    <subfield code="1">0</subfield>
    <subfield code="2">ddc</subfield>
    <subfield code="4">0</subfield>
    <subfield code="7">0</subfield>
    <subfield code="a">12.28</subfield>
    <subfield code="b">12.28</subfield>
    <subfield code="d">2017-12-05</subfield>
    <subfield code="l">0</subfield>
    <subfield code="o">P Year 3 500</subfield>
    <subfield code="p">00030657SSW</subfield>
    <subfield code="r">2024-01-23 14:43:40</subfield>
    <subfield code="w">2024-01-23</subfield>
    <subfield code="y">TXB</subfield>
  </datafield>
  <datafield tag="952" ind1=" " ind2=" ">
    <subfield code="0">0</subfield>
    <subfield code="1">0</subfield>
    <subfield code="2">ddc</subfield>
    <subfield code="4">0</subfield>
    <subfield code="7">0</subfield>
    <subfield code="a">12.28</subfield>
    <subfield code="b">12.28</subfield>
    <subfield code="d">2017-12-05</subfield>
    <subfield code="l">0</subfield>
    <subfield code="o">P Year 3 500</subfield>
    <subfield code="p">00030660SSW</subfield>
    <subfield code="r">2024-01-23 14:43:40</subfield>
    <subfield code="w">2024-01-23</subfield>
    <subfield code="y">TXB</subfield>
  </datafield>
  <datafield tag="952" ind1=" " ind2=" ">
    <subfield code="0">0</subfield>
    <subfield code="1">0</subfield>
    <subfield code="2">ddc</subfield>
    <subfield code="4">0</subfield>
    <subfield code="7">0</subfield>
    <subfield code="a">12.28</subfield>
    <subfield code="b">12.28</subfield>
    <subfield code="d">2017-12-05</subfield>
    <subfield code="l">1</subfield>
    <subfield code="o">P Year 3 500</subfield>
    <subfield code="p">00030665SSW</subfield>
    <subfield code="q">2024-11-29</subfield>
    <subfield code="r">2024-02-20 21:43:02</subfield>
    <subfield code="s">2024-02-20</subfield>
    <subfield code="w">2024-01-23</subfield>
    <subfield code="y">TXB</subfield>
  </datafield>
  <datafield tag="952" ind1=" " ind2=" ">
    <subfield code="0">0</subfield>
    <subfield code="1">0</subfield>
    <subfield code="2">ddc</subfield>
    <subfield code="4">0</subfield>
    <subfield code="7">0</subfield>
    <subfield code="a">12.28</subfield>
    <subfield code="b">12.28</subfield>
    <subfield code="d">2017-12-05</subfield>
    <subfield code="l">0</subfield>
    <subfield code="o">P Year 3 500</subfield>
    <subfield code="p">00030668SSW</subfield>
    <subfield code="r">2024-01-23 14:43:40</subfield>
    <subfield code="w">2024-01-23</subfield>
    <subfield code="y">TXB</subfield>
  </datafield>
  <datafield tag="952" ind1=" " ind2=" ">
    <subfield code="0">0</subfield>
    <subfield code="1">0</subfield>
    <subfield code="2">ddc</subfield>
    <subfield code="4">0</subfield>
    <subfield code="7">0</subfield>
    <subfield code="a">12.28</subfield>
    <subfield code="b">12.28</subfield>
    <subfield code="d">2017-12-05</subfield>
    <subfield code="l">1</subfield>
    <subfield code="o">P Year 3 500</subfield>
    <subfield code="p">00030673SSW</subfield>
    <subfield code="q">2024-11-29</subfield>
    <subfield code="r">2024-02-20 21:52:50</subfield>
    <subfield code="s">2024-02-20</subfield>
    <subfield code="w">2024-01-23</subfield>
    <subfield code="y">TXB</subfield>
  </datafield>
  <datafield tag="952" ind1=" " ind2=" ">
    <subfield code="0">0</subfield>
    <subfield code="1">0</subfield>
    <subfield code="2">ddc</subfield>
    <subfield code="4">0</subfield>
    <subfield code="7">0</subfield>
    <subfield code="a">12.28</subfield>
    <subfield code="b">12.28</subfield>
    <subfield code="d">2017-12-05</subfield>
    <subfield code="l">1</subfield>
    <subfield code="o">P Year 3 500</subfield>
    <subfield code="p">00030676SSW</subfield>
    <subfield code="q">2024-11-29</subfield>
    <subfield code="r">2024-02-20 20:58:15</subfield>
    <subfield code="s">2024-02-20</subfield>
    <subfield code="w">2024-01-23</subfield>
    <subfield code="y">TXB</subfield>
  </datafield>
  <datafield tag="952" ind1=" " ind2=" ">
    <subfield code="0">0</subfield>
    <subfield code="1">0</subfield>
    <subfield code="2">ddc</subfield>
    <subfield code="4">0</subfield>
    <subfield code="7">0</subfield>
    <subfield code="a">12.28</subfield>
    <subfield code="b">12.28</subfield>
    <subfield code="d">2017-12-05</subfield>
    <subfield code="l">1</subfield>
    <subfield code="o">P Year 3 500</subfield>
    <subfield code="p">00030681SSW</subfield>
    <subfield code="q">2024-11-29</subfield>
    <subfield code="r">2024-02-20 21:46:57</subfield>
    <subfield code="s">2024-02-20</subfield>
    <subfield code="w">2024-01-23</subfield>
    <subfield code="y">TXB</subfield>
  </datafield>
  <datafield tag="952" ind1=" " ind2=" ">
    <subfield code="0">0</subfield>
    <subfield code="1">0</subfield>
    <subfield code="2">ddc</subfield>
    <subfield code="4">0</subfield>
    <subfield code="7">0</subfield>
    <subfield code="a">12.28</subfield>
    <subfield code="b">12.28</subfield>
    <subfield code="d">2017-12-05</subfield>
    <subfield code="l">1</subfield>
    <subfield code="o">P Year 3 500</subfield>
    <subfield code="p">00030684SSW</subfield>
    <subfield code="q">2024-11-29</subfield>
    <subfield code="r">2024-02-20 20:37:10</subfield>
    <subfield code="s">2024-02-20</subfield>
    <subfield code="w">2024-01-23</subfield>
    <subfield code="y">TXB</subfield>
  </datafield>
  <datafield tag="952" ind1=" " ind2=" ">
    <subfield code="0">0</subfield>
    <subfield code="1">0</subfield>
    <subfield code="2">ddc</subfield>
    <subfield code="4">2</subfield>
    <subfield code="7">0</subfield>
    <subfield code="a">12.28</subfield>
    <subfield code="b">12.28</subfield>
    <subfield code="d">2017-12-05</subfield>
    <subfield code="l">0</subfield>
    <subfield code="o">P Year 3 500</subfield>
    <subfield code="p">00030689SSW</subfield>
    <subfield code="r">2024-01-23 14:43:40</subfield>
    <subfield code="w">2024-01-23</subfield>
    <subfield code="y">TXB</subfield>
    <subfield code="u"></subfield>
  </datafield>
  <datafield tag="952" ind1=" " ind2=" ">
    <subfield code="0">0</subfield>
    <subfield code="1">0</subfield>
    <subfield code="2">ddc</subfield>
    <subfield code="4">0</subfield>
    <subfield code="7">0</subfield>
    <subfield code="a">12.28</subfield>
    <subfield code="b">12.28</subfield>
    <subfield code="d">2017-12-05</subfield>
    <subfield code="l">0</subfield>
    <subfield code="o">P Year 3 500</subfield>
    <subfield code="p">00030692SSW</subfield>
    <subfield code="r">2024-01-23 14:43:40</subfield>
    <subfield code="w">2024-01-23</subfield>
    <subfield code="y">TXB</subfield>
  </datafield>
  <datafield tag="952" ind1=" " ind2=" ">
    <subfield code="0">0</subfield>
    <subfield code="1">0</subfield>
    <subfield code="2">ddc</subfield>
    <subfield code="4">0</subfield>
    <subfield code="7">0</subfield>
    <subfield code="a">12.28</subfield>
    <subfield code="b">12.28</subfield>
    <subfield code="d">2017-12-05</subfield>
    <subfield code="l">0</subfield>
    <subfield code="o">P Year 3 500</subfield>
    <subfield code="p">00030697SSW</subfield>
    <subfield code="r">2024-01-23 14:43:40</subfield>
    <subfield code="w">2024-01-23</subfield>
    <subfield code="y">TXB</subfield>
  </datafield>
  <datafield tag="952" ind1=" " ind2=" ">
    <subfield code="0">0</subfield>
    <subfield code="1">0</subfield>
    <subfield code="2">ddc</subfield>
    <subfield code="4">0</subfield>
    <subfield code="7">0</subfield>
    <subfield code="a">12.28</subfield>
    <subfield code="b">12.28</subfield>
    <subfield code="d">2017-12-05</subfield>
    <subfield code="l">1</subfield>
    <subfield code="o">P Year 3 500</subfield>
    <subfield code="p">00030702SSW</subfield>
    <subfield code="q">2024-11-29</subfield>
    <subfield code="r">2024-02-20 20:16:25</subfield>
    <subfield code="s">2024-02-20</subfield>
    <subfield code="w">2024-01-23</subfield>
    <subfield code="y">TXB</subfield>
  </datafield>
  <datafield tag="952" ind1=" " ind2=" ">
    <subfield code="0">0</subfield>
    <subfield code="1">0</subfield>
    <subfield code="2">ddc</subfield>
    <subfield code="4">0</subfield>
    <subfield code="7">0</subfield>
    <subfield code="a">12.28</subfield>
    <subfield code="b">12.28</subfield>
    <subfield code="d">2017-12-05</subfield>
    <subfield code="l">1</subfield>
    <subfield code="o">P Year 3 500</subfield>
    <subfield code="p">00030564SSW</subfield>
    <subfield code="q">2024-11-29</subfield>
    <subfield code="r">2024-02-20 20:12:33</subfield>
    <subfield code="s">2024-02-20</subfield>
    <subfield code="w">2024-01-23</subfield>
    <subfield code="y">TXB</subfield>
  </datafield>
  <datafield tag="952" ind1=" " ind2=" ">
    <subfield code="0">0</subfield>
    <subfield code="1">0</subfield>
    <subfield code="2">ddc</subfield>
    <subfield code="4">0</subfield>
    <subfield code="7">0</subfield>
    <subfield code="a">12.28</subfield>
    <subfield code="b">12.28</subfield>
    <subfield code="d">2017-12-05</subfield>
    <subfield code="l">1</subfield>
    <subfield code="o">P Year 3 500</subfield>
    <subfield code="p">00030569SSW</subfield>
    <subfield code="q">2024-11-29</subfield>
    <subfield code="r">2024-02-20 21:31:41</subfield>
    <subfield code="s">2024-02-20</subfield>
    <subfield code="w">2024-01-23</subfield>
    <subfield code="y">TXB</subfield>
  </datafield>
  <datafield tag="952" ind1=" " ind2=" ">
    <subfield code="0">0</subfield>
    <subfield code="1">0</subfield>
    <subfield code="2">ddc</subfield>
    <subfield code="4">0</subfield>
    <subfield code="7">0</subfield>
    <subfield code="a">12.28</subfield>
    <subfield code="b">12.28</subfield>
    <subfield code="d">2017-12-05</subfield>
    <subfield code="l">0</subfield>
    <subfield code="o">P Year 3 500</subfield>
    <subfield code="p">00030572SSW</subfield>
    <subfield code="r">2024-01-23 14:43:40</subfield>
    <subfield code="w">2024-01-23</subfield>
    <subfield code="y">TXB</subfield>
  </datafield>
  <datafield tag="952" ind1=" " ind2=" ">
    <subfield code="0">0</subfield>
    <subfield code="1">0</subfield>
    <subfield code="2">ddc</subfield>
    <subfield code="4">0</subfield>
    <subfield code="7">0</subfield>
    <subfield code="a">12.28</subfield>
    <subfield code="b">12.28</subfield>
    <subfield code="d">2017-12-05</subfield>
    <subfield code="l">1</subfield>
    <subfield code="o">P Year 3 500</subfield>
    <subfield code="p">00030577SSW</subfield>
    <subfield code="r">2024-04-30 18:11:40</subfield>
    <subfield code="s">2024-02-21</subfield>
    <subfield code="w">2024-01-23</subfield>
    <subfield code="y">TXB</subfield>
  </datafield>
  <datafield tag="952" ind1=" " ind2=" ">
    <subfield code="0">0</subfield>
    <subfield code="1">0</subfield>
    <subfield code="2">ddc</subfield>
    <subfield code="4">0</subfield>
    <subfield code="7">0</subfield>
    <subfield code="a">12.28</subfield>
    <subfield code="b">12.28</subfield>
    <subfield code="d">2017-12-05</subfield>
    <subfield code="l">1</subfield>
    <subfield code="o">P Year 3 500</subfield>
    <subfield code="p">00030580SSW</subfield>
    <subfield code="q">2024-11-29</subfield>
    <subfield code="r">2024-02-20 21:27:04</subfield>
    <subfield code="s">2024-02-20</subfield>
    <subfield code="w">2024-01-23</subfield>
    <subfield code="y">TXB</subfield>
  </datafield>
  <datafield tag="952" ind1=" " ind2=" ">
    <subfield code="0">0</subfield>
    <subfield code="1">0</subfield>
    <subfield code="2">ddc</subfield>
    <subfield code="4">0</subfield>
    <subfield code="7">0</subfield>
    <subfield code="a">12.27</subfield>
    <subfield code="b">12.27</subfield>
    <subfield code="d">2017-12-05</subfield>
    <subfield code="l">0</subfield>
    <subfield code="o">AP Year 3 500 ASP</subfield>
    <subfield code="p">00030585AGC</subfield>
    <subfield code="r">2024-01-23 14:43:40</subfield>
    <subfield code="w">2024-01-23</subfield>
    <subfield code="y">TXB</subfield>
  </datafield>
  <datafield tag="952" ind1=" " ind2=" ">
    <subfield code="0">0</subfield>
    <subfield code="1">0</subfield>
    <subfield code="2">ddc</subfield>
    <subfield code="4">0</subfield>
    <subfield code="7">0</subfield>
    <subfield code="a">12.28</subfield>
    <subfield code="b">12.28</subfield>
    <subfield code="d">2017-12-05</subfield>
    <subfield code="l">0</subfield>
    <subfield code="o">P Year 3 500</subfield>
    <subfield code="p">00030588SSW</subfield>
    <subfield code="r">2024-01-23 14:43:40</subfield>
    <subfield code="w">2024-01-23</subfield>
    <subfield code="y">TXB</subfield>
  </datafield>
  <datafield tag="952" ind1=" " ind2=" ">
    <subfield code="0">0</subfield>
    <subfield code="1">0</subfield>
    <subfield code="2">ddc</subfield>
    <subfield code="4">0</subfield>
    <subfield code="7">0</subfield>
    <subfield code="a">12.28</subfield>
    <subfield code="b">12.28</subfield>
    <subfield code="d">2017-12-05</subfield>
    <subfield code="l">1</subfield>
    <subfield code="o">P Year 3 500</subfield>
    <subfield code="p">00030593SSW</subfield>
    <subfield code="q">2024-11-29</subfield>
    <subfield code="r">2024-02-20 21:18:20</subfield>
    <subfield code="s">2024-02-20</subfield>
    <subfield code="w">2024-01-23</subfield>
    <subfield code="y">TXB</subfield>
  </datafield>
  <datafield tag="952" ind1=" " ind2=" ">
    <subfield code="0">0</subfield>
    <subfield code="1">0</subfield>
    <subfield code="2">ddc</subfield>
    <subfield code="4">0</subfield>
    <subfield code="7">0</subfield>
    <subfield code="a">12.28</subfield>
    <subfield code="b">12.28</subfield>
    <subfield code="d">2017-12-05</subfield>
    <subfield code="l">1</subfield>
    <subfield code="o">P Year 3 500</subfield>
    <subfield code="p">00030596SSW</subfield>
    <subfield code="q">2024-11-29</subfield>
    <subfield code="r">2024-02-20 21:47:35</subfield>
    <subfield code="s">2024-02-20</subfield>
    <subfield code="w">2024-01-23</subfield>
    <subfield code="y">TXB</subfield>
  </datafield>
  <datafield tag="952" ind1=" " ind2=" ">
    <subfield code="0">0</subfield>
    <subfield code="1">0</subfield>
    <subfield code="2">ddc</subfield>
    <subfield code="4">0</subfield>
    <subfield code="7">0</subfield>
    <subfield code="a">12.28</subfield>
    <subfield code="b">12.28</subfield>
    <subfield code="d">2017-12-05</subfield>
    <subfield code="l">2</subfield>
    <subfield code="o">P Year 3 500</subfield>
    <subfield code="p">00030601SSW</subfield>
    <subfield code="q">2024-11-29</subfield>
    <subfield code="r">2024-02-20 18:02:05</subfield>
    <subfield code="s">2024-02-20</subfield>
    <subfield code="w">2024-01-23</subfield>
    <subfield code="y">TXB</subfield>
  </datafield>
  <datafield tag="952" ind1=" " ind2=" ">
    <subfield code="0">0</subfield>
    <subfield code="1">0</subfield>
    <subfield code="2">ddc</subfield>
    <subfield code="4">0</subfield>
    <subfield code="7">0</subfield>
    <subfield code="a">12.28</subfield>
    <subfield code="b">12.28</subfield>
    <subfield code="d">2017-12-05</subfield>
    <subfield code="l">1</subfield>
    <subfield code="o">P Year 3 500</subfield>
    <subfield code="p">00030606SSW</subfield>
    <subfield code="q">2024-11-29</subfield>
    <subfield code="r">2024-02-20 20:28:27</subfield>
    <subfield code="s">2024-02-20</subfield>
    <subfield code="w">2024-01-23</subfield>
    <subfield code="y">TXB</subfield>
  </datafield>
  <datafield tag="952" ind1=" " ind2=" ">
    <subfield code="0">0</subfield>
    <subfield code="1">0</subfield>
    <subfield code="2">ddc</subfield>
    <subfield code="4">0</subfield>
    <subfield code="7">0</subfield>
    <subfield code="a">12.28</subfield>
    <subfield code="b">12.28</subfield>
    <subfield code="d">2017-12-05</subfield>
    <subfield code="l">1</subfield>
    <subfield code="o">P Year 3 500</subfield>
    <subfield code="p">00030609SSW</subfield>
    <subfield code="q">2024-11-29</subfield>
    <subfield code="r">2024-02-20 21:42:24</subfield>
    <subfield code="s">2024-02-20</subfield>
    <subfield code="w">2024-01-23</subfield>
    <subfield code="y">TXB</subfield>
  </datafield>
  <datafield tag="952" ind1=" " ind2=" ">
    <subfield code="0">0</subfield>
    <subfield code="1">0</subfield>
    <subfield code="2">ddc</subfield>
    <subfield code="4">0</subfield>
    <subfield code="7">0</subfield>
    <subfield code="a">12.28</subfield>
    <subfield code="b">12.28</subfield>
    <subfield code="d">2017-12-05</subfield>
    <subfield code="l">1</subfield>
    <subfield code="o">P Year 3 500</subfield>
    <subfield code="p">00030614SSW</subfield>
    <subfield code="q">2024-11-29</subfield>
    <subfield code="r">2024-02-20 21:48:00</subfield>
    <subfield code="s">2024-02-20</subfield>
    <subfield code="w">2024-01-23</subfield>
    <subfield code="y">TXB</subfield>
  </datafield>
  <datafield tag="952" ind1=" " ind2=" ">
    <subfield code="0">0</subfield>
    <subfield code="1">0</subfield>
    <subfield code="2">ddc</subfield>
    <subfield code="4">0</subfield>
    <subfield code="7">0</subfield>
    <subfield code="a">12.28</subfield>
    <subfield code="b">12.28</subfield>
    <subfield code="d">2017-12-05</subfield>
    <subfield code="l">1</subfield>
    <subfield code="o">P Year 3 500</subfield>
    <subfield code="p">00030617SSW</subfield>
    <subfield code="q">2024-11-29</subfield>
    <subfield code="r">2024-02-20 21:43:39</subfield>
    <subfield code="s">2024-02-20</subfield>
    <subfield code="w">2024-01-23</subfield>
    <subfield code="y">TXB</subfield>
  </datafield>
  <datafield tag="952" ind1=" " ind2=" ">
    <subfield code="0">0</subfield>
    <subfield code="1">0</subfield>
    <subfield code="2">ddc</subfield>
    <subfield code="4">0</subfield>
    <subfield code="7">0</subfield>
    <subfield code="a">12.28</subfield>
    <subfield code="b">12.28</subfield>
    <subfield code="d">2017-12-05</subfield>
    <subfield code="l">0</subfield>
    <subfield code="o">P Year 3 500</subfield>
    <subfield code="p">00030622SSW</subfield>
    <subfield code="r">2024-01-23 14:43:41</subfield>
    <subfield code="w">2024-01-23</subfield>
    <subfield code="y">TXB</subfield>
  </datafield>
  <datafield tag="952" ind1=" " ind2=" ">
    <subfield code="0">0</subfield>
    <subfield code="1">0</subfield>
    <subfield code="2">ddc</subfield>
    <subfield code="4">0</subfield>
    <subfield code="7">0</subfield>
    <subfield code="a">12.28</subfield>
    <subfield code="b">12.28</subfield>
    <subfield code="d">2017-12-05</subfield>
    <subfield code="l">1</subfield>
    <subfield code="o">P Year 3 500</subfield>
    <subfield code="p">00030625SSW</subfield>
    <subfield code="q">2024-11-29</subfield>
    <subfield code="r">2024-02-20 18:10:43</subfield>
    <subfield code="s">2024-02-20</subfield>
    <subfield code="w">2024-01-23</subfield>
    <subfield code="y">TXB</subfield>
  </datafield>
  <datafield tag="952" ind1=" " ind2=" ">
    <subfield code="0">0</subfield>
    <subfield code="1">0</subfield>
    <subfield code="2">ddc</subfield>
    <subfield code="4">0</subfield>
    <subfield code="7">0</subfield>
    <subfield code="a">12.28</subfield>
    <subfield code="b">12.28</subfield>
    <subfield code="d">2017-12-05</subfield>
    <subfield code="l">0</subfield>
    <subfield code="o">P Year 3 500</subfield>
    <subfield code="p">00030630SSW</subfield>
    <subfield code="r">2024-01-23 14:43:41</subfield>
    <subfield code="w">2024-01-23</subfield>
    <subfield code="y">TXB</subfield>
  </datafield>
  <datafield tag="952" ind1=" " ind2=" ">
    <subfield code="0">0</subfield>
    <subfield code="1">0</subfield>
    <subfield code="2">ddc</subfield>
    <subfield code="4">0</subfield>
    <subfield code="7">0</subfield>
    <subfield code="a">12.28</subfield>
    <subfield code="b">12.28</subfield>
    <subfield code="d">2017-12-05</subfield>
    <subfield code="l">1</subfield>
    <subfield code="o">P Year 3 500</subfield>
    <subfield code="p">00030633SSW</subfield>
    <subfield code="q">2024-11-29</subfield>
    <subfield code="r">2024-02-21 17:33:06</subfield>
    <subfield code="s">2024-02-21</subfield>
    <subfield code="w">2024-01-23</subfield>
    <subfield code="y">TXB</subfield>
  </datafield>
  <datafield tag="952" ind1=" " ind2=" ">
    <subfield code="0">0</subfield>
    <subfield code="1">0</subfield>
    <subfield code="2">ddc</subfield>
    <subfield code="4">0</subfield>
    <subfield code="7">0</subfield>
    <subfield code="a">12.28</subfield>
    <subfield code="b">12.28</subfield>
    <subfield code="d">2017-12-05</subfield>
    <subfield code="l">0</subfield>
    <subfield code="o">P Year 3 500</subfield>
    <subfield code="p">00030638SSW</subfield>
    <subfield code="r">2024-01-23 14:43:41</subfield>
    <subfield code="w">2024-01-23</subfield>
    <subfield code="y">TXB</subfield>
  </datafield>
  <datafield tag="952" ind1=" " ind2=" ">
    <subfield code="0">0</subfield>
    <subfield code="1">0</subfield>
    <subfield code="2">ddc</subfield>
    <subfield code="4">0</subfield>
    <subfield code="7">0</subfield>
    <subfield code="a">12.28</subfield>
    <subfield code="b">12.28</subfield>
    <subfield code="d">2017-12-05</subfield>
    <subfield code="l">1</subfield>
    <subfield code="o">P Year 3 500</subfield>
    <subfield code="p">00030641SSW</subfield>
    <subfield code="q">2024-11-29</subfield>
    <subfield code="r">2024-02-21 17:02:20</subfield>
    <subfield code="s">2024-02-21</subfield>
    <subfield code="w">2024-01-23</subfield>
    <subfield code="y">TXB</subfield>
  </datafield>
  <datafield tag="952" ind1=" " ind2=" ">
    <subfield code="0">0</subfield>
    <subfield code="1">0</subfield>
    <subfield code="2">ddc</subfield>
    <subfield code="4">0</subfield>
    <subfield code="7">0</subfield>
    <subfield code="a">12.28</subfield>
    <subfield code="b">12.28</subfield>
    <subfield code="d">2017-12-05</subfield>
    <subfield code="l">1</subfield>
    <subfield code="o">P Year 3 500</subfield>
    <subfield code="p">00030646SSW</subfield>
    <subfield code="q">2024-11-29</subfield>
    <subfield code="r">2024-02-20 21:00:58</subfield>
    <subfield code="s">2024-02-20</subfield>
    <subfield code="w">2024-01-23</subfield>
    <subfield code="y">TXB</subfield>
  </datafield>
  <datafield tag="952" ind1=" " ind2=" ">
    <subfield code="0">0</subfield>
    <subfield code="1">0</subfield>
    <subfield code="2">ddc</subfield>
    <subfield code="4">0</subfield>
    <subfield code="7">0</subfield>
    <subfield code="a">12.28</subfield>
    <subfield code="b">12.28</subfield>
    <subfield code="d">2017-12-05</subfield>
    <subfield code="l">1</subfield>
    <subfield code="o">P Year 3 500</subfield>
    <subfield code="p">00030651SSW</subfield>
    <subfield code="q">2024-11-29</subfield>
    <subfield code="r">2024-04-05 14:59:19</subfield>
    <subfield code="s">2024-04-05</subfield>
    <subfield code="w">2024-01-23</subfield>
    <subfield code="y">TXB</subfield>
  </datafield>
  <datafield tag="952" ind1=" " ind2=" ">
    <subfield code="0">0</subfield>
    <subfield code="1">0</subfield>
    <subfield code="2">ddc</subfield>
    <subfield code="4">0</subfield>
    <subfield code="7">0</subfield>
    <subfield code="a">12.28</subfield>
    <subfield code="b">12.28</subfield>
    <subfield code="d">2017-12-05</subfield>
    <subfield code="l">1</subfield>
    <subfield code="o">P Year 3 500</subfield>
    <subfield code="p">00030654SSW</subfield>
    <subfield code="q">2024-11-29</subfield>
    <subfield code="r">2024-02-20 21:55:20</subfield>
    <subfield code="s">2024-02-20</subfield>
    <subfield code="w">2024-01-23</subfield>
    <subfield code="y">TXB</subfield>
  </datafield>
  <datafield tag="952" ind1=" " ind2=" ">
    <subfield code="0">0</subfield>
    <subfield code="1">0</subfield>
    <subfield code="2">ddc</subfield>
    <subfield code="4">0</subfield>
    <subfield code="7">0</subfield>
    <subfield code="a">12.28</subfield>
    <subfield code="b">12.28</subfield>
    <subfield code="d">2017-12-05</subfield>
    <subfield code="l">1</subfield>
    <subfield code="o">P Year 3 500</subfield>
    <subfield code="p">00030659SSW</subfield>
    <subfield code="q">2024-11-29</subfield>
    <subfield code="r">2024-02-20 21:48:55</subfield>
    <subfield code="s">2024-02-20</subfield>
    <subfield code="w">2024-01-23</subfield>
    <subfield code="y">TXB</subfield>
  </datafield>
  <datafield tag="952" ind1=" " ind2=" ">
    <subfield code="0">0</subfield>
    <subfield code="1">0</subfield>
    <subfield code="2">ddc</subfield>
    <subfield code="4">0</subfield>
    <subfield code="7">0</subfield>
    <subfield code="a">12.28</subfield>
    <subfield code="b">12.28</subfield>
    <subfield code="d">2017-12-05</subfield>
    <subfield code="l">1</subfield>
    <subfield code="o">P Year 3 500</subfield>
    <subfield code="p">00030662SSW</subfield>
    <subfield code="q">2024-11-29</subfield>
    <subfield code="r">2024-02-20 18:14:41</subfield>
    <subfield code="s">2024-02-20</subfield>
    <subfield code="w">2024-01-23</subfield>
    <subfield code="y">TXB</subfield>
  </datafield>
  <datafield tag="952" ind1=" " ind2=" ">
    <subfield code="0">0</subfield>
    <subfield code="1">0</subfield>
    <subfield code="2">ddc</subfield>
    <subfield code="4">0</subfield>
    <subfield code="7">0</subfield>
    <subfield code="a">12.28</subfield>
    <subfield code="b">12.28</subfield>
    <subfield code="d">2017-12-05</subfield>
    <subfield code="l">1</subfield>
    <subfield code="o">P Year 3 500</subfield>
    <subfield code="p">00030667SSW</subfield>
    <subfield code="q">2024-11-29</subfield>
    <subfield code="r">2024-02-20 18:13:36</subfield>
    <subfield code="s">2024-02-20</subfield>
    <subfield code="w">2024-01-23</subfield>
    <subfield code="y">TXB</subfield>
  </datafield>
  <datafield tag="952" ind1=" " ind2=" ">
    <subfield code="0">0</subfield>
    <subfield code="1">0</subfield>
    <subfield code="2">ddc</subfield>
    <subfield code="4">0</subfield>
    <subfield code="7">0</subfield>
    <subfield code="a">12.28</subfield>
    <subfield code="b">12.28</subfield>
    <subfield code="d">2017-12-05</subfield>
    <subfield code="l">1</subfield>
    <subfield code="o">P Year 3 500</subfield>
    <subfield code="p">00030670SSW</subfield>
    <subfield code="q">2024-11-29</subfield>
    <subfield code="r">2024-02-20 18:08:59</subfield>
    <subfield code="s">2024-02-20</subfield>
    <subfield code="w">2024-01-23</subfield>
    <subfield code="y">TXB</subfield>
  </datafield>
  <datafield tag="952" ind1=" " ind2=" ">
    <subfield code="0">0</subfield>
    <subfield code="1">0</subfield>
    <subfield code="2">ddc</subfield>
    <subfield code="4">0</subfield>
    <subfield code="7">0</subfield>
    <subfield code="a">12.28</subfield>
    <subfield code="b">12.28</subfield>
    <subfield code="d">2017-12-05</subfield>
    <subfield code="l">1</subfield>
    <subfield code="o">P Year 3 500</subfield>
    <subfield code="p">00030675SSW</subfield>
    <subfield code="q">2024-11-29</subfield>
    <subfield code="r">2024-02-20 21:19:59</subfield>
    <subfield code="s">2024-02-20</subfield>
    <subfield code="w">2024-01-23</subfield>
    <subfield code="y">TXB</subfield>
  </datafield>
  <datafield tag="952" ind1=" " ind2=" ">
    <subfield code="0">0</subfield>
    <subfield code="1">0</subfield>
    <subfield code="2">ddc</subfield>
    <subfield code="4">0</subfield>
    <subfield code="7">0</subfield>
    <subfield code="a">12.28</subfield>
    <subfield code="b">12.28</subfield>
    <subfield code="d">2017-12-05</subfield>
    <subfield code="l">1</subfield>
    <subfield code="o">P Year 3 500</subfield>
    <subfield code="p">00030678SSW</subfield>
    <subfield code="q">2024-11-29</subfield>
    <subfield code="r">2024-02-21 16:52:20</subfield>
    <subfield code="s">2024-02-21</subfield>
    <subfield code="w">2024-01-23</subfield>
    <subfield code="y">TXB</subfield>
  </datafield>
  <datafield tag="952" ind1=" " ind2=" ">
    <subfield code="0">0</subfield>
    <subfield code="1">0</subfield>
    <subfield code="2">ddc</subfield>
    <subfield code="4">0</subfield>
    <subfield code="7">0</subfield>
    <subfield code="a">12.28</subfield>
    <subfield code="b">12.28</subfield>
    <subfield code="d">2017-12-05</subfield>
    <subfield code="l">0</subfield>
    <subfield code="o">P Year 3 500</subfield>
    <subfield code="p">00030683SSW</subfield>
    <subfield code="r">2024-01-23 14:43:41</subfield>
    <subfield code="w">2024-01-23</subfield>
    <subfield code="y">TXB</subfield>
  </datafield>
  <datafield tag="952" ind1=" " ind2=" ">
    <subfield code="0">0</subfield>
    <subfield code="1">0</subfield>
    <subfield code="2">ddc</subfield>
    <subfield code="4">0</subfield>
    <subfield code="7">0</subfield>
    <subfield code="a">12.28</subfield>
    <subfield code="b">12.28</subfield>
    <subfield code="d">2017-12-05</subfield>
    <subfield code="l">1</subfield>
    <subfield code="o">P Year 3 500</subfield>
    <subfield code="p">00030686SSW</subfield>
    <subfield code="q">2024-11-29</subfield>
    <subfield code="r">2024-02-20 18:12:00</subfield>
    <subfield code="s">2024-02-20</subfield>
    <subfield code="w">2024-01-23</subfield>
    <subfield code="y">TXB</subfield>
  </datafield>
  <datafield tag="952" ind1=" " ind2=" ">
    <subfield code="0">0</subfield>
    <subfield code="1">0</subfield>
    <subfield code="2">ddc</subfield>
    <subfield code="4">0</subfield>
    <subfield code="7">0</subfield>
    <subfield code="a">12.28</subfield>
    <subfield code="b">12.28</subfield>
    <subfield code="d">2017-12-05</subfield>
    <subfield code="l">0</subfield>
    <subfield code="o">P Year 3 500</subfield>
    <subfield code="p">00030691SSW</subfield>
    <subfield code="r">2024-01-23 14:43:41</subfield>
    <subfield code="w">2024-01-23</subfield>
    <subfield code="y">TXB</subfield>
  </datafield>
  <datafield tag="952" ind1=" " ind2=" ">
    <subfield code="0">0</subfield>
    <subfield code="1">0</subfield>
    <subfield code="2">ddc</subfield>
    <subfield code="4">0</subfield>
    <subfield code="7">0</subfield>
    <subfield code="a">12.28</subfield>
    <subfield code="b">12.28</subfield>
    <subfield code="d">2017-12-05</subfield>
    <subfield code="l">1</subfield>
    <subfield code="o">P Year 3 500</subfield>
    <subfield code="p">00030694SSW</subfield>
    <subfield code="q">2024-11-29</subfield>
    <subfield code="r">2024-02-21 17:32:12</subfield>
    <subfield code="s">2024-02-21</subfield>
    <subfield code="w">2024-01-23</subfield>
    <subfield code="y">TXB</subfield>
  </datafield>
  <datafield tag="952" ind1=" " ind2=" ">
    <subfield code="0">0</subfield>
    <subfield code="1">0</subfield>
    <subfield code="2">ddc</subfield>
    <subfield code="4">0</subfield>
    <subfield code="7">0</subfield>
    <subfield code="a">12.28</subfield>
    <subfield code="b">12.28</subfield>
    <subfield code="d">2017-12-05</subfield>
    <subfield code="l">0</subfield>
    <subfield code="o">P Year 3 500</subfield>
    <subfield code="p">00030696SSW</subfield>
    <subfield code="r">2024-01-23 14:43:41</subfield>
    <subfield code="w">2024-01-23</subfield>
    <subfield code="y">TXB</subfield>
  </datafield>
  <datafield tag="952" ind1=" " ind2=" ">
    <subfield code="0">0</subfield>
    <subfield code="1">0</subfield>
    <subfield code="2">ddc</subfield>
    <subfield code="4">0</subfield>
    <subfield code="7">0</subfield>
    <subfield code="a">12.28</subfield>
    <subfield code="b">12.28</subfield>
    <subfield code="d">2017-12-05</subfield>
    <subfield code="l">1</subfield>
    <subfield code="o">P Year 3 500</subfield>
    <subfield code="p">00030699SSW</subfield>
    <subfield code="q">2024-11-29</subfield>
    <subfield code="r">2024-02-20 21:55:57</subfield>
    <subfield code="s">2024-02-20</subfield>
    <subfield code="w">2024-01-23</subfield>
    <subfield code="y">TXB</subfield>
  </datafield>
  <datafield tag="952" ind1=" " ind2=" ">
    <subfield code="0">0</subfield>
    <subfield code="1">0</subfield>
    <subfield code="2">ddc</subfield>
    <subfield code="4">0</subfield>
    <subfield code="7">0</subfield>
    <subfield code="a">12.28</subfield>
    <subfield code="b">12.28</subfield>
    <subfield code="d">2017-12-05</subfield>
    <subfield code="l">0</subfield>
    <subfield code="o">P Year 3 500</subfield>
    <subfield code="p">00030704SSW</subfield>
    <subfield code="r">2024-01-23 14:43:41</subfield>
    <subfield code="w">2024-01-23</subfield>
    <subfield code="y">TXB</subfield>
  </datafield>
  <datafield tag="952" ind1=" " ind2=" ">
    <subfield code="0">0</subfield>
    <subfield code="1">0</subfield>
    <subfield code="2">ddc</subfield>
    <subfield code="4">0</subfield>
    <subfield code="7">0</subfield>
    <subfield code="a">12.27</subfield>
    <subfield code="b">12.27</subfield>
    <subfield code="d">2019-12-07</subfield>
    <subfield code="l">0</subfield>
    <subfield code="o">AP Year 3 500 ASP</subfield>
    <subfield code="p">00044954AGC</subfield>
    <subfield code="r">2024-01-23 14:43:41</subfield>
    <subfield code="w">2024-01-23</subfield>
    <subfield code="y">TXB</subfield>
  </datafield>
  <datafield tag="952" ind1=" " ind2=" ">
    <subfield code="0">0</subfield>
    <subfield code="1">0</subfield>
    <subfield code="2">ddc</subfield>
    <subfield code="4">0</subfield>
    <subfield code="7">0</subfield>
    <subfield code="a">12.27</subfield>
    <subfield code="b">12.27</subfield>
    <subfield code="d">2019-12-07</subfield>
    <subfield code="l">0</subfield>
    <subfield code="o">AP Year 3 500 ASP</subfield>
    <subfield code="p">00044955AGC</subfield>
    <subfield code="r">2024-01-23 14:43:41</subfield>
    <subfield code="w">2024-01-23</subfield>
    <subfield code="y">TXB</subfield>
  </datafield>
  <datafield tag="952" ind1=" " ind2=" ">
    <subfield code="0">0</subfield>
    <subfield code="1">0</subfield>
    <subfield code="2">ddc</subfield>
    <subfield code="4">0</subfield>
    <subfield code="7">0</subfield>
    <subfield code="a">12.27</subfield>
    <subfield code="b">12.27</subfield>
    <subfield code="d">2019-12-07</subfield>
    <subfield code="l">0</subfield>
    <subfield code="o">AP Year 3 500 ASP</subfield>
    <subfield code="p">00044956AGC</subfield>
    <subfield code="r">2024-01-23 14:43:41</subfield>
    <subfield code="w">2024-01-23</subfield>
    <subfield code="y">TXB</subfield>
  </datafield>
  <datafield tag="952" ind1=" " ind2=" ">
    <subfield code="0">0</subfield>
    <subfield code="1">0</subfield>
    <subfield code="2">ddc</subfield>
    <subfield code="4">0</subfield>
    <subfield code="7">0</subfield>
    <subfield code="a">12.27</subfield>
    <subfield code="b">12.27</subfield>
    <subfield code="d">2019-12-07</subfield>
    <subfield code="l">0</subfield>
    <subfield code="o">AP Year 3 500 ASP</subfield>
    <subfield code="p">00044957AGC</subfield>
    <subfield code="r">2024-01-23 14:43:41</subfield>
    <subfield code="w">2024-01-23</subfield>
    <subfield code="y">TXB</subfield>
  </datafield>
  <datafield tag="952" ind1=" " ind2=" ">
    <subfield code="0">0</subfield>
    <subfield code="1">0</subfield>
    <subfield code="2">ddc</subfield>
    <subfield code="4">0</subfield>
    <subfield code="7">0</subfield>
    <subfield code="a">12.27</subfield>
    <subfield code="b">12.27</subfield>
    <subfield code="d">2019-12-07</subfield>
    <subfield code="l">0</subfield>
    <subfield code="o">AP Year 3 500 ASP</subfield>
    <subfield code="p">00044958AGC</subfield>
    <subfield code="r">2024-01-23 14:43:41</subfield>
    <subfield code="w">2024-01-23</subfield>
    <subfield code="y">TXB</subfield>
  </datafield>
  <datafield tag="952" ind1=" " ind2=" ">
    <subfield code="0">0</subfield>
    <subfield code="1">0</subfield>
    <subfield code="2">ddc</subfield>
    <subfield code="4">0</subfield>
    <subfield code="7">0</subfield>
    <subfield code="a">12.27</subfield>
    <subfield code="b">12.27</subfield>
    <subfield code="d">2019-12-07</subfield>
    <subfield code="l">0</subfield>
    <subfield code="o">AP Year 3 500 ASP</subfield>
    <subfield code="p">00044960AGC</subfield>
    <subfield code="r">2024-01-23 14:43:41</subfield>
    <subfield code="w">2024-01-23</subfield>
    <subfield code="y">TXB</subfield>
  </datafield>
  <datafield tag="952" ind1=" " ind2=" ">
    <subfield code="0">0</subfield>
    <subfield code="1">0</subfield>
    <subfield code="2">ddc</subfield>
    <subfield code="4">0</subfield>
    <subfield code="7">0</subfield>
    <subfield code="a">12.27</subfield>
    <subfield code="b">12.27</subfield>
    <subfield code="d">2019-12-07</subfield>
    <subfield code="l">0</subfield>
    <subfield code="o">AP Year 3 500 ASP</subfield>
    <subfield code="p">00044963AGC</subfield>
    <subfield code="r">2024-01-23 14:43:41</subfield>
    <subfield code="w">2024-01-23</subfield>
    <subfield code="y">TXB</subfield>
  </datafield>
  <datafield tag="952" ind1=" " ind2=" ">
    <subfield code="0">0</subfield>
    <subfield code="1">0</subfield>
    <subfield code="2">ddc</subfield>
    <subfield code="4">0</subfield>
    <subfield code="7">0</subfield>
    <subfield code="a">12.27</subfield>
    <subfield code="b">12.27</subfield>
    <subfield code="d">2019-12-07</subfield>
    <subfield code="l">0</subfield>
    <subfield code="o">AP Year 3 500 ASP</subfield>
    <subfield code="p">00044964AGC</subfield>
    <subfield code="r">2024-01-23 14:43:41</subfield>
    <subfield code="w">2024-01-23</subfield>
    <subfield code="y">TXB</subfield>
  </datafield>
  <datafield tag="952" ind1=" " ind2=" ">
    <subfield code="0">0</subfield>
    <subfield code="1">0</subfield>
    <subfield code="2">ddc</subfield>
    <subfield code="4">0</subfield>
    <subfield code="7">0</subfield>
    <subfield code="a">12.27</subfield>
    <subfield code="b">12.27</subfield>
    <subfield code="d">2019-12-07</subfield>
    <subfield code="l">0</subfield>
    <subfield code="o">AP Year 3 500 ASP</subfield>
    <subfield code="p">00044965AGC</subfield>
    <subfield code="r">2024-01-23 14:43:41</subfield>
    <subfield code="w">2024-01-23</subfield>
    <subfield code="y">TXB</subfield>
  </datafield>
  <datafield tag="952" ind1=" " ind2=" ">
    <subfield code="0">0</subfield>
    <subfield code="1">0</subfield>
    <subfield code="2">ddc</subfield>
    <subfield code="4">0</subfield>
    <subfield code="7">0</subfield>
    <subfield code="a">12.27</subfield>
    <subfield code="b">12.27</subfield>
    <subfield code="d">2019-12-07</subfield>
    <subfield code="l">0</subfield>
    <subfield code="o">AP Year 3 500 ASP</subfield>
    <subfield code="p">00044966AGC</subfield>
    <subfield code="r">2024-01-23 14:43:41</subfield>
    <subfield code="w">2024-01-23</subfield>
    <subfield code="y">TXB</subfield>
  </datafield>
  <datafield tag="952" ind1=" " ind2=" ">
    <subfield code="0">0</subfield>
    <subfield code="1">0</subfield>
    <subfield code="2">ddc</subfield>
    <subfield code="4">0</subfield>
    <subfield code="7">0</subfield>
    <subfield code="a">12.27</subfield>
    <subfield code="b">12.27</subfield>
    <subfield code="d">2019-12-07</subfield>
    <subfield code="l">0</subfield>
    <subfield code="o">AP Year 3 500 ASP</subfield>
    <subfield code="p">00044968AGC</subfield>
    <subfield code="r">2024-01-23 14:43:41</subfield>
    <subfield code="w">2024-01-23</subfield>
    <subfield code="y">TXB</subfield>
  </datafield>
  <datafield tag="952" ind1=" " ind2=" ">
    <subfield code="0">0</subfield>
    <subfield code="1">0</subfield>
    <subfield code="2">ddc</subfield>
    <subfield code="4">0</subfield>
    <subfield code="7">0</subfield>
    <subfield code="a">12.27</subfield>
    <subfield code="b">12.27</subfield>
    <subfield code="d">2019-12-07</subfield>
    <subfield code="l">0</subfield>
    <subfield code="o">AP Year 3 500 ASP</subfield>
    <subfield code="p">00044969AGC</subfield>
    <subfield code="r">2024-01-23 14:43:42</subfield>
    <subfield code="w">2024-01-23</subfield>
    <subfield code="y">TXB</subfield>
  </datafield>
  <datafield tag="952" ind1=" " ind2=" ">
    <subfield code="0">0</subfield>
    <subfield code="1">0</subfield>
    <subfield code="2">ddc</subfield>
    <subfield code="4">0</subfield>
    <subfield code="7">0</subfield>
    <subfield code="a">12.27</subfield>
    <subfield code="b">12.27</subfield>
    <subfield code="d">2019-12-07</subfield>
    <subfield code="l">0</subfield>
    <subfield code="o">AP Year 3 500 ASP</subfield>
    <subfield code="p">00044970AGC</subfield>
    <subfield code="r">2024-01-23 14:43:42</subfield>
    <subfield code="w">2024-01-23</subfield>
    <subfield code="y">TXB</subfield>
  </datafield>
  <datafield tag="952" ind1=" " ind2=" ">
    <subfield code="0">0</subfield>
    <subfield code="1">0</subfield>
    <subfield code="2">ddc</subfield>
    <subfield code="4">0</subfield>
    <subfield code="7">0</subfield>
    <subfield code="a">12.27</subfield>
    <subfield code="b">12.27</subfield>
    <subfield code="d">2019-12-07</subfield>
    <subfield code="l">0</subfield>
    <subfield code="o">AP Year 3 500 ASP</subfield>
    <subfield code="p">00044971AGC</subfield>
    <subfield code="r">2024-01-23 14:43:42</subfield>
    <subfield code="w">2024-01-23</subfield>
    <subfield code="y">TXB</subfield>
  </datafield>
  <datafield tag="952" ind1=" " ind2=" ">
    <subfield code="0">0</subfield>
    <subfield code="1">0</subfield>
    <subfield code="2">ddc</subfield>
    <subfield code="4">0</subfield>
    <subfield code="7">0</subfield>
    <subfield code="a">12.27</subfield>
    <subfield code="b">12.27</subfield>
    <subfield code="d">2019-12-07</subfield>
    <subfield code="l">0</subfield>
    <subfield code="o">AP Year 3 500 ASP</subfield>
    <subfield code="p">00044973AGC</subfield>
    <subfield code="r">2024-01-23 14:43:42</subfield>
    <subfield code="w">2024-01-23</subfield>
    <subfield code="y">TXB</subfield>
  </datafield>
  <datafield tag="952" ind1=" " ind2=" ">
    <subfield code="0">0</subfield>
    <subfield code="1">0</subfield>
    <subfield code="2">ddc</subfield>
    <subfield code="4">0</subfield>
    <subfield code="7">0</subfield>
    <subfield code="a">12.27</subfield>
    <subfield code="b">12.27</subfield>
    <subfield code="d">2019-12-07</subfield>
    <subfield code="l">0</subfield>
    <subfield code="o">AP Year 3 500 ASP</subfield>
    <subfield code="p">00044974AGC</subfield>
    <subfield code="r">2024-01-23 14:43:42</subfield>
    <subfield code="w">2024-01-23</subfield>
    <subfield code="y">TXB</subfield>
  </datafield>
  <datafield tag="952" ind1=" " ind2=" ">
    <subfield code="0">0</subfield>
    <subfield code="1">0</subfield>
    <subfield code="2">ddc</subfield>
    <subfield code="4">0</subfield>
    <subfield code="7">0</subfield>
    <subfield code="a">12.27</subfield>
    <subfield code="b">12.27</subfield>
    <subfield code="d">2019-12-07</subfield>
    <subfield code="l">0</subfield>
    <subfield code="o">AP Year 3 500 ASP</subfield>
    <subfield code="p">00044976AGC</subfield>
    <subfield code="r">2024-01-23 14:43:42</subfield>
    <subfield code="w">2024-01-23</subfield>
    <subfield code="y">TXB</subfield>
  </datafield>
  <datafield tag="952" ind1=" " ind2=" ">
    <subfield code="0">0</subfield>
    <subfield code="1">0</subfield>
    <subfield code="2">ddc</subfield>
    <subfield code="4">0</subfield>
    <subfield code="7">0</subfield>
    <subfield code="a">12.27</subfield>
    <subfield code="b">12.27</subfield>
    <subfield code="d">2019-12-07</subfield>
    <subfield code="l">0</subfield>
    <subfield code="o">AP Year 3 500 ASP</subfield>
    <subfield code="p">00044978AGC</subfield>
    <subfield code="r">2024-01-23 14:43:42</subfield>
    <subfield code="w">2024-01-23</subfield>
    <subfield code="y">TXB</subfield>
  </datafield>
  <datafield tag="952" ind1=" " ind2=" ">
    <subfield code="0">0</subfield>
    <subfield code="1">0</subfield>
    <subfield code="2">ddc</subfield>
    <subfield code="4">0</subfield>
    <subfield code="7">0</subfield>
    <subfield code="a">12.27</subfield>
    <subfield code="b">12.27</subfield>
    <subfield code="d">2019-12-07</subfield>
    <subfield code="l">0</subfield>
    <subfield code="o">AP Year 3 500 ASP</subfield>
    <subfield code="p">00044979AGC</subfield>
    <subfield code="r">2024-01-23 14:43:42</subfield>
    <subfield code="w">2024-01-23</subfield>
    <subfield code="y">TXB</subfield>
  </datafield>
  <datafield tag="952" ind1=" " ind2=" ">
    <subfield code="0">0</subfield>
    <subfield code="1">0</subfield>
    <subfield code="2">ddc</subfield>
    <subfield code="4">0</subfield>
    <subfield code="7">0</subfield>
    <subfield code="a">12.27</subfield>
    <subfield code="b">12.27</subfield>
    <subfield code="d">2019-12-07</subfield>
    <subfield code="l">0</subfield>
    <subfield code="o">AP Year 3 500 ASP</subfield>
    <subfield code="p">00044980AGC</subfield>
    <subfield code="r">2024-01-23 14:43:42</subfield>
    <subfield code="w">2024-01-23</subfield>
    <subfield code="y">TXB</subfield>
  </datafield>
  <datafield tag="952" ind1=" " ind2=" ">
    <subfield code="0">0</subfield>
    <subfield code="1">0</subfield>
    <subfield code="2">ddc</subfield>
    <subfield code="4">0</subfield>
    <subfield code="7">0</subfield>
    <subfield code="a">12.27</subfield>
    <subfield code="b">12.27</subfield>
    <subfield code="d">2019-12-07</subfield>
    <subfield code="l">0</subfield>
    <subfield code="o">AP Year 3 500 ASP</subfield>
    <subfield code="p">00044981AGC</subfield>
    <subfield code="r">2024-01-23 14:43:42</subfield>
    <subfield code="w">2024-01-23</subfield>
    <subfield code="y">TXB</subfield>
  </datafield>
  <datafield tag="952" ind1=" " ind2=" ">
    <subfield code="0">0</subfield>
    <subfield code="1">0</subfield>
    <subfield code="2">ddc</subfield>
    <subfield code="4">0</subfield>
    <subfield code="7">0</subfield>
    <subfield code="a">12.27</subfield>
    <subfield code="b">12.27</subfield>
    <subfield code="d">2019-12-07</subfield>
    <subfield code="l">0</subfield>
    <subfield code="o">AP Year 3 500 ASP</subfield>
    <subfield code="p">00044982AGC</subfield>
    <subfield code="r">2024-01-23 14:43:42</subfield>
    <subfield code="w">2024-01-23</subfield>
    <subfield code="y">TXB</subfield>
  </datafield>
  <datafield tag="952" ind1=" " ind2=" ">
    <subfield code="0">0</subfield>
    <subfield code="1">0</subfield>
    <subfield code="2">ddc</subfield>
    <subfield code="4">0</subfield>
    <subfield code="7">0</subfield>
    <subfield code="a">12.27</subfield>
    <subfield code="b">12.27</subfield>
    <subfield code="d">2019-12-07</subfield>
    <subfield code="l">0</subfield>
    <subfield code="o">AP Year 3 500 ASP</subfield>
    <subfield code="p">00044983AGC</subfield>
    <subfield code="r">2024-01-23 14:43:42</subfield>
    <subfield code="w">2024-01-23</subfield>
    <subfield code="y">TXB</subfield>
  </datafield>
  <datafield tag="952" ind1=" " ind2=" ">
    <subfield code="0">0</subfield>
    <subfield code="1">0</subfield>
    <subfield code="2">ddc</subfield>
    <subfield code="4">0</subfield>
    <subfield code="7">0</subfield>
    <subfield code="a">12.28</subfield>
    <subfield code="b">12.28</subfield>
    <subfield code="d">2017-12-05</subfield>
    <subfield code="l">0</subfield>
    <subfield code="o">P Year 3 500</subfield>
    <subfield code="p">00030566SSW</subfield>
    <subfield code="r">2024-01-23 14:43:42</subfield>
    <subfield code="w">2024-01-23</subfield>
    <subfield code="y">TXB</subfield>
  </datafield>
  <datafield tag="952" ind1=" " ind2=" ">
    <subfield code="0">0</subfield>
    <subfield code="1">0</subfield>
    <subfield code="2">ddc</subfield>
    <subfield code="4">0</subfield>
    <subfield code="7">0</subfield>
    <subfield code="a">12.28</subfield>
    <subfield code="b">12.28</subfield>
    <subfield code="d">2017-12-05</subfield>
    <subfield code="l">0</subfield>
    <subfield code="o">P Year 3 500</subfield>
    <subfield code="p">00030571SSW</subfield>
    <subfield code="r">2024-01-23 14:43:42</subfield>
    <subfield code="w">2024-01-23</subfield>
    <subfield code="y">TXB</subfield>
  </datafield>
  <datafield tag="952" ind1=" " ind2=" ">
    <subfield code="0">0</subfield>
    <subfield code="1">0</subfield>
    <subfield code="2">ddc</subfield>
    <subfield code="4">0</subfield>
    <subfield code="7">0</subfield>
    <subfield code="a">12.28</subfield>
    <subfield code="b">12.28</subfield>
    <subfield code="d">2017-12-05</subfield>
    <subfield code="l">1</subfield>
    <subfield code="o">P Year 3 500</subfield>
    <subfield code="p">00030574SSW</subfield>
    <subfield code="q">2024-11-29</subfield>
    <subfield code="r">2024-02-20 21:54:19</subfield>
    <subfield code="s">2024-02-20</subfield>
    <subfield code="w">2024-01-23</subfield>
    <subfield code="y">TXB</subfield>
  </datafield>
  <datafield tag="952" ind1=" " ind2=" ">
    <subfield code="0">0</subfield>
    <subfield code="1">0</subfield>
    <subfield code="2">ddc</subfield>
    <subfield code="4">0</subfield>
    <subfield code="7">0</subfield>
    <subfield code="a">12.28</subfield>
    <subfield code="b">12.28</subfield>
    <subfield code="d">2017-12-05</subfield>
    <subfield code="l">1</subfield>
    <subfield code="o">P Year 3 500</subfield>
    <subfield code="p">00030579SSW</subfield>
    <subfield code="q">2024-11-29</subfield>
    <subfield code="r">2024-02-21 16:15:21</subfield>
    <subfield code="s">2024-02-21</subfield>
    <subfield code="w">2024-01-23</subfield>
    <subfield code="y">TXB</subfield>
  </datafield>
  <datafield tag="952" ind1=" " ind2=" ">
    <subfield code="0">0</subfield>
    <subfield code="1">0</subfield>
    <subfield code="2">ddc</subfield>
    <subfield code="4">0</subfield>
    <subfield code="7">0</subfield>
    <subfield code="a">12.28</subfield>
    <subfield code="b">12.28</subfield>
    <subfield code="d">2017-12-05</subfield>
    <subfield code="l">1</subfield>
    <subfield code="o">P Year 3 500</subfield>
    <subfield code="p">00030582SSW</subfield>
    <subfield code="q">2024-11-29</subfield>
    <subfield code="r">2024-02-20 20:36:14</subfield>
    <subfield code="s">2024-02-20</subfield>
    <subfield code="w">2024-01-23</subfield>
    <subfield code="y">TXB</subfield>
  </datafield>
  <datafield tag="952" ind1=" " ind2=" ">
    <subfield code="0">0</subfield>
    <subfield code="1">0</subfield>
    <subfield code="2">ddc</subfield>
    <subfield code="4">0</subfield>
    <subfield code="7">0</subfield>
    <subfield code="a">12.28</subfield>
    <subfield code="b">12.28</subfield>
    <subfield code="d">2017-12-05</subfield>
    <subfield code="l">1</subfield>
    <subfield code="o">P Year 3 500</subfield>
    <subfield code="p">00030587SSW</subfield>
    <subfield code="q">2024-11-29</subfield>
    <subfield code="r">2024-02-20 21:38:38</subfield>
    <subfield code="s">2024-02-20</subfield>
    <subfield code="w">2024-01-23</subfield>
    <subfield code="y">TXB</subfield>
  </datafield>
  <datafield tag="952" ind1=" " ind2=" ">
    <subfield code="0">0</subfield>
    <subfield code="1">0</subfield>
    <subfield code="2">ddc</subfield>
    <subfield code="4">0</subfield>
    <subfield code="7">0</subfield>
    <subfield code="a">12.28</subfield>
    <subfield code="b">12.28</subfield>
    <subfield code="d">2017-12-05</subfield>
    <subfield code="l">0</subfield>
    <subfield code="o">P Year 3 500</subfield>
    <subfield code="p">00030590SSW</subfield>
    <subfield code="r">2024-01-23 14:43:42</subfield>
    <subfield code="w">2024-01-23</subfield>
    <subfield code="y">TXB</subfield>
  </datafield>
  <datafield tag="952" ind1=" " ind2=" ">
    <subfield code="0">0</subfield>
    <subfield code="1">0</subfield>
    <subfield code="2">ddc</subfield>
    <subfield code="4">0</subfield>
    <subfield code="7">0</subfield>
    <subfield code="a">12.28</subfield>
    <subfield code="b">12.28</subfield>
    <subfield code="d">2017-12-05</subfield>
    <subfield code="l">1</subfield>
    <subfield code="o">P Year 3 500</subfield>
    <subfield code="p">00030595SSW</subfield>
    <subfield code="q">2024-11-29</subfield>
    <subfield code="r">2024-02-20 21:51:39</subfield>
    <subfield code="s">2024-02-20</subfield>
    <subfield code="w">2024-01-23</subfield>
    <subfield code="y">TXB</subfield>
  </datafield>
  <datafield tag="952" ind1=" " ind2=" ">
    <subfield code="0">0</subfield>
    <subfield code="1">0</subfield>
    <subfield code="2">ddc</subfield>
    <subfield code="4">0</subfield>
    <subfield code="7">0</subfield>
    <subfield code="a">12.27</subfield>
    <subfield code="b">12.27</subfield>
    <subfield code="d">2017-12-05</subfield>
    <subfield code="l">0</subfield>
    <subfield code="o">AP Year 3 500 ASP</subfield>
    <subfield code="p">00030598AGC</subfield>
    <subfield code="r">2024-01-23 14:43:42</subfield>
    <subfield code="w">2024-01-23</subfield>
    <subfield code="y">TXB</subfield>
  </datafield>
  <datafield tag="952" ind1=" " ind2=" ">
    <subfield code="0">0</subfield>
    <subfield code="1">0</subfield>
    <subfield code="2">ddc</subfield>
    <subfield code="4">0</subfield>
    <subfield code="7">0</subfield>
    <subfield code="a">12.28</subfield>
    <subfield code="b">12.28</subfield>
    <subfield code="d">2017-12-05</subfield>
    <subfield code="l">1</subfield>
    <subfield code="o">P Year 3 500</subfield>
    <subfield code="p">00030600SSW</subfield>
    <subfield code="q">2024-11-29</subfield>
    <subfield code="r">2024-02-20 20:35:12</subfield>
    <subfield code="s">2024-02-20</subfield>
    <subfield code="w">2024-01-23</subfield>
    <subfield code="y">TXB</subfield>
  </datafield>
  <datafield tag="952" ind1=" " ind2=" ">
    <subfield code="0">0</subfield>
    <subfield code="1">0</subfield>
    <subfield code="2">ddc</subfield>
    <subfield code="4">0</subfield>
    <subfield code="7">0</subfield>
    <subfield code="a">12.28</subfield>
    <subfield code="b">12.28</subfield>
    <subfield code="d">2017-12-05</subfield>
    <subfield code="l">1</subfield>
    <subfield code="o">P Year 3 500</subfield>
    <subfield code="p">00030603SSW</subfield>
    <subfield code="q">2024-11-29</subfield>
    <subfield code="r">2024-02-21 16:09:48</subfield>
    <subfield code="s">2024-02-21</subfield>
    <subfield code="w">2024-01-23</subfield>
    <subfield code="y">TXB</subfield>
  </datafield>
  <datafield tag="952" ind1=" " ind2=" ">
    <subfield code="0">0</subfield>
    <subfield code="1">0</subfield>
    <subfield code="2">ddc</subfield>
    <subfield code="4">0</subfield>
    <subfield code="7">0</subfield>
    <subfield code="a">12.28</subfield>
    <subfield code="b">12.28</subfield>
    <subfield code="d">2017-12-05</subfield>
    <subfield code="l">1</subfield>
    <subfield code="o">P Year 3 500</subfield>
    <subfield code="p">00030608SSW</subfield>
    <subfield code="q">2024-11-29</subfield>
    <subfield code="r">2024-02-21 16:16:33</subfield>
    <subfield code="s">2024-02-21</subfield>
    <subfield code="w">2024-01-23</subfield>
    <subfield code="y">TXB</subfield>
  </datafield>
  <datafield tag="952" ind1=" " ind2=" ">
    <subfield code="0">0</subfield>
    <subfield code="1">0</subfield>
    <subfield code="2">ddc</subfield>
    <subfield code="4">0</subfield>
    <subfield code="7">0</subfield>
    <subfield code="a">12.28</subfield>
    <subfield code="b">12.28</subfield>
    <subfield code="d">2017-12-05</subfield>
    <subfield code="l">1</subfield>
    <subfield code="o">P Year 3 500</subfield>
    <subfield code="p">00030611SSW</subfield>
    <subfield code="q">2024-11-29</subfield>
    <subfield code="r">2024-02-20 21:57:44</subfield>
    <subfield code="s">2024-02-20</subfield>
    <subfield code="w">2024-01-23</subfield>
    <subfield code="y">TXB</subfield>
  </datafield>
  <datafield tag="952" ind1=" " ind2=" ">
    <subfield code="0">0</subfield>
    <subfield code="1">0</subfield>
    <subfield code="2">ddc</subfield>
    <subfield code="4">0</subfield>
    <subfield code="7">0</subfield>
    <subfield code="a">12.28</subfield>
    <subfield code="b">12.28</subfield>
    <subfield code="d">2017-12-05</subfield>
    <subfield code="l">1</subfield>
    <subfield code="o">P Year 3 500</subfield>
    <subfield code="p">00030616SSW</subfield>
    <subfield code="q">2024-11-29</subfield>
    <subfield code="r">2024-02-20 18:07:05</subfield>
    <subfield code="s">2024-02-20</subfield>
    <subfield code="w">2024-01-23</subfield>
    <subfield code="y">TXB</subfield>
  </datafield>
  <datafield tag="952" ind1=" " ind2=" ">
    <subfield code="0">0</subfield>
    <subfield code="1">0</subfield>
    <subfield code="2">ddc</subfield>
    <subfield code="4">0</subfield>
    <subfield code="7">0</subfield>
    <subfield code="a">12.28</subfield>
    <subfield code="b">12.28</subfield>
    <subfield code="d">2017-12-05</subfield>
    <subfield code="l">0</subfield>
    <subfield code="o">P Year 3 500</subfield>
    <subfield code="p">00030619SSW</subfield>
    <subfield code="r">2024-01-23 14:43:42</subfield>
    <subfield code="w">2024-01-23</subfield>
    <subfield code="y">TXB</subfield>
  </datafield>
  <datafield tag="952" ind1=" " ind2=" ">
    <subfield code="0">0</subfield>
    <subfield code="1">0</subfield>
    <subfield code="2">ddc</subfield>
    <subfield code="4">0</subfield>
    <subfield code="7">0</subfield>
    <subfield code="a">12.28</subfield>
    <subfield code="b">12.28</subfield>
    <subfield code="d">2017-12-05</subfield>
    <subfield code="l">1</subfield>
    <subfield code="o">P Year 3 500</subfield>
    <subfield code="p">00030624SSW</subfield>
    <subfield code="q">2024-11-29</subfield>
    <subfield code="r">2024-02-20 21:33:39</subfield>
    <subfield code="s">2024-02-20</subfield>
    <subfield code="w">2024-01-23</subfield>
    <subfield code="y">TXB</subfield>
  </datafield>
  <datafield tag="952" ind1=" " ind2=" ">
    <subfield code="0">0</subfield>
    <subfield code="1">0</subfield>
    <subfield code="2">ddc</subfield>
    <subfield code="4">0</subfield>
    <subfield code="7">0</subfield>
    <subfield code="a">12.28</subfield>
    <subfield code="b">12.28</subfield>
    <subfield code="d">2017-12-05</subfield>
    <subfield code="l">1</subfield>
    <subfield code="o">P Year 3 500</subfield>
    <subfield code="p">00030627SSW</subfield>
    <subfield code="q">2024-11-29</subfield>
    <subfield code="r">2024-02-20 18:07:55</subfield>
    <subfield code="s">2024-02-20</subfield>
    <subfield code="w">2024-01-23</subfield>
    <subfield code="y">TXB</subfield>
  </datafield>
  <datafield tag="952" ind1=" " ind2=" ">
    <subfield code="0">0</subfield>
    <subfield code="1">0</subfield>
    <subfield code="2">ddc</subfield>
    <subfield code="4">0</subfield>
    <subfield code="7">0</subfield>
    <subfield code="a">12.28</subfield>
    <subfield code="b">12.28</subfield>
    <subfield code="d">2017-12-05</subfield>
    <subfield code="l">0</subfield>
    <subfield code="o">P Year 3 500</subfield>
    <subfield code="p">00030632SSW</subfield>
    <subfield code="r">2024-01-23 14:43:42</subfield>
    <subfield code="w">2024-01-23</subfield>
    <subfield code="y">TXB</subfield>
  </datafield>
  <datafield tag="952" ind1=" " ind2=" ">
    <subfield code="0">0</subfield>
    <subfield code="1">0</subfield>
    <subfield code="2">ddc</subfield>
    <subfield code="4">0</subfield>
    <subfield code="7">0</subfield>
    <subfield code="a">12.28</subfield>
    <subfield code="b">12.28</subfield>
    <subfield code="d">2017-12-05</subfield>
    <subfield code="l">1</subfield>
    <subfield code="o">P Year 3 500</subfield>
    <subfield code="p">00030635SSW</subfield>
    <subfield code="q">2024-11-29</subfield>
    <subfield code="r">2024-02-20 21:58:34</subfield>
    <subfield code="s">2024-02-20</subfield>
    <subfield code="w">2024-01-23</subfield>
    <subfield code="y">TXB</subfield>
  </datafield>
  <datafield tag="952" ind1=" " ind2=" ">
    <subfield code="0">0</subfield>
    <subfield code="1">0</subfield>
    <subfield code="2">ddc</subfield>
    <subfield code="4">0</subfield>
    <subfield code="7">0</subfield>
    <subfield code="a">12.28</subfield>
    <subfield code="b">12.28</subfield>
    <subfield code="d">2017-12-05</subfield>
    <subfield code="l">1</subfield>
    <subfield code="o">P Year 3 500</subfield>
    <subfield code="p">00030640SSW</subfield>
    <subfield code="q">2024-11-29</subfield>
    <subfield code="r">2024-02-20 21:52:12</subfield>
    <subfield code="s">2024-02-20</subfield>
    <subfield code="w">2024-01-23</subfield>
    <subfield code="y">TXB</subfield>
  </datafield>
  <datafield tag="952" ind1=" " ind2=" ">
    <subfield code="0">0</subfield>
    <subfield code="1">0</subfield>
    <subfield code="2">ddc</subfield>
    <subfield code="4">0</subfield>
    <subfield code="7">0</subfield>
    <subfield code="a">12.28</subfield>
    <subfield code="b">12.28</subfield>
    <subfield code="d">2017-12-05</subfield>
    <subfield code="l">0</subfield>
    <subfield code="o">P Year 3 500</subfield>
    <subfield code="p">00030643SSW</subfield>
    <subfield code="r">2024-01-23 14:43:42</subfield>
    <subfield code="w">2024-01-23</subfield>
    <subfield code="y">TXB</subfield>
  </datafield>
  <datafield tag="952" ind1=" " ind2=" ">
    <subfield code="0">0</subfield>
    <subfield code="1">0</subfield>
    <subfield code="2">ddc</subfield>
    <subfield code="4">0</subfield>
    <subfield code="7">0</subfield>
    <subfield code="a">12.28</subfield>
    <subfield code="b">12.28</subfield>
    <subfield code="d">2017-12-05</subfield>
    <subfield code="l">0</subfield>
    <subfield code="o">P Year 3 500</subfield>
    <subfield code="p">00030648SSW</subfield>
    <subfield code="r">2024-01-23 14:43:42</subfield>
    <subfield code="w">2024-01-23</subfield>
    <subfield code="y">TXB</subfield>
  </datafield>
  <datafield tag="952" ind1=" " ind2=" ">
    <subfield code="0">0</subfield>
    <subfield code="1">0</subfield>
    <subfield code="2">ddc</subfield>
    <subfield code="4">0</subfield>
    <subfield code="7">0</subfield>
    <subfield code="a">12.28</subfield>
    <subfield code="b">12.28</subfield>
    <subfield code="d">2017-12-05</subfield>
    <subfield code="l">1</subfield>
    <subfield code="o">P Year 3 500</subfield>
    <subfield code="p">00030653SSW</subfield>
    <subfield code="q">2024-11-29</subfield>
    <subfield code="r">2024-02-20 21:33:03</subfield>
    <subfield code="s">2024-02-20</subfield>
    <subfield code="w">2024-01-23</subfield>
    <subfield code="y">TXB</subfield>
  </datafield>
  <datafield tag="952" ind1=" " ind2=" ">
    <subfield code="0">0</subfield>
    <subfield code="1">0</subfield>
    <subfield code="2">ddc</subfield>
    <subfield code="4">0</subfield>
    <subfield code="7">0</subfield>
    <subfield code="a">12.28</subfield>
    <subfield code="b">12.28</subfield>
    <subfield code="d">2017-12-05</subfield>
    <subfield code="l">1</subfield>
    <subfield code="o">P Year 3 500</subfield>
    <subfield code="p">00030656SSW</subfield>
    <subfield code="q">2024-11-29</subfield>
    <subfield code="r">2024-02-21 16:06:35</subfield>
    <subfield code="s">2024-02-21</subfield>
    <subfield code="w">2024-01-23</subfield>
    <subfield code="y">TXB</subfield>
  </datafield>
  <datafield tag="952" ind1=" " ind2=" ">
    <subfield code="0">0</subfield>
    <subfield code="1">0</subfield>
    <subfield code="2">ddc</subfield>
    <subfield code="4">0</subfield>
    <subfield code="7">0</subfield>
    <subfield code="a">12.28</subfield>
    <subfield code="b">12.28</subfield>
    <subfield code="d">2017-12-05</subfield>
    <subfield code="l">0</subfield>
    <subfield code="o">P Year 3 500</subfield>
    <subfield code="p">00030661SSW</subfield>
    <subfield code="r">2024-01-23 14:43:43</subfield>
    <subfield code="w">2024-01-23</subfield>
    <subfield code="y">TXB</subfield>
  </datafield>
  <datafield tag="952" ind1=" " ind2=" ">
    <subfield code="0">0</subfield>
    <subfield code="1">0</subfield>
    <subfield code="2">ddc</subfield>
    <subfield code="4">0</subfield>
    <subfield code="7">0</subfield>
    <subfield code="a">12.28</subfield>
    <subfield code="b">12.28</subfield>
    <subfield code="d">2017-12-05</subfield>
    <subfield code="l">1</subfield>
    <subfield code="o">P Year 3 500</subfield>
    <subfield code="p">00030664SSW</subfield>
    <subfield code="q">2024-11-29</subfield>
    <subfield code="r">2024-02-20 21:16:44</subfield>
    <subfield code="s">2024-02-20</subfield>
    <subfield code="w">2024-01-23</subfield>
    <subfield code="y">TXB</subfield>
  </datafield>
  <datafield tag="952" ind1=" " ind2=" ">
    <subfield code="0">0</subfield>
    <subfield code="1">0</subfield>
    <subfield code="2">ddc</subfield>
    <subfield code="4">0</subfield>
    <subfield code="7">0</subfield>
    <subfield code="a">12.28</subfield>
    <subfield code="b">12.28</subfield>
    <subfield code="d">2017-12-05</subfield>
    <subfield code="l">1</subfield>
    <subfield code="o">P Year 3 500</subfield>
    <subfield code="p">00030669SSW</subfield>
    <subfield code="q">2024-11-29</subfield>
    <subfield code="r">2024-02-21 17:05:05</subfield>
    <subfield code="s">2024-02-21</subfield>
    <subfield code="w">2024-01-23</subfield>
    <subfield code="y">TXB</subfield>
  </datafield>
  <datafield tag="952" ind1=" " ind2=" ">
    <subfield code="0">0</subfield>
    <subfield code="1">0</subfield>
    <subfield code="2">ddc</subfield>
    <subfield code="4">0</subfield>
    <subfield code="7">0</subfield>
    <subfield code="a">12.28</subfield>
    <subfield code="b">12.28</subfield>
    <subfield code="d">2017-12-05</subfield>
    <subfield code="l">0</subfield>
    <subfield code="o">P Year 3 500</subfield>
    <subfield code="p">00030672SSW</subfield>
    <subfield code="r">2024-01-23 14:43:43</subfield>
    <subfield code="w">2024-01-23</subfield>
    <subfield code="y">TXB</subfield>
  </datafield>
  <datafield tag="952" ind1=" " ind2=" ">
    <subfield code="0">0</subfield>
    <subfield code="1">0</subfield>
    <subfield code="2">ddc</subfield>
    <subfield code="4">0</subfield>
    <subfield code="7">0</subfield>
    <subfield code="a">12.28</subfield>
    <subfield code="b">12.28</subfield>
    <subfield code="d">2017-12-05</subfield>
    <subfield code="l">1</subfield>
    <subfield code="o">P Year 3 500</subfield>
    <subfield code="p">00030677SSW</subfield>
    <subfield code="q">2024-11-29</subfield>
    <subfield code="r">2024-02-21 16:50:40</subfield>
    <subfield code="s">2024-02-21</subfield>
    <subfield code="w">2024-01-23</subfield>
    <subfield code="y">TXB</subfield>
  </datafield>
  <datafield tag="952" ind1=" " ind2=" ">
    <subfield code="0">0</subfield>
    <subfield code="1">0</subfield>
    <subfield code="2">ddc</subfield>
    <subfield code="4">0</subfield>
    <subfield code="7">0</subfield>
    <subfield code="a">12.28</subfield>
    <subfield code="b">12.28</subfield>
    <subfield code="d">2017-12-05</subfield>
    <subfield code="l">0</subfield>
    <subfield code="o">P Year 3 500</subfield>
    <subfield code="p">00030680SSW</subfield>
    <subfield code="r">2024-01-23 14:43:43</subfield>
    <subfield code="w">2024-01-23</subfield>
    <subfield code="y">TXB</subfield>
  </datafield>
  <datafield tag="952" ind1=" " ind2=" ">
    <subfield code="0">0</subfield>
    <subfield code="1">0</subfield>
    <subfield code="2">ddc</subfield>
    <subfield code="4">0</subfield>
    <subfield code="7">0</subfield>
    <subfield code="a">12.28</subfield>
    <subfield code="b">12.28</subfield>
    <subfield code="d">2017-12-05</subfield>
    <subfield code="l">1</subfield>
    <subfield code="o">P Year 3 500</subfield>
    <subfield code="p">00030685SSW</subfield>
    <subfield code="q">2024-11-29</subfield>
    <subfield code="r">2024-02-20 20:47:30</subfield>
    <subfield code="s">2024-02-20</subfield>
    <subfield code="w">2024-01-23</subfield>
    <subfield code="y">TXB</subfield>
  </datafield>
  <datafield tag="952" ind1=" " ind2=" ">
    <subfield code="0">0</subfield>
    <subfield code="1">0</subfield>
    <subfield code="2">ddc</subfield>
    <subfield code="4">0</subfield>
    <subfield code="7">0</subfield>
    <subfield code="a">12.28</subfield>
    <subfield code="b">12.28</subfield>
    <subfield code="d">2017-12-05</subfield>
    <subfield code="l">1</subfield>
    <subfield code="o">P Year 3 500</subfield>
    <subfield code="p">00030688SSW</subfield>
    <subfield code="q">2024-11-29</subfield>
    <subfield code="r">2024-02-20 20:58:38</subfield>
    <subfield code="s">2024-02-20</subfield>
    <subfield code="w">2024-01-23</subfield>
    <subfield code="y">TXB</subfield>
  </datafield>
  <datafield tag="952" ind1=" " ind2=" ">
    <subfield code="0">0</subfield>
    <subfield code="1">0</subfield>
    <subfield code="2">ddc</subfield>
    <subfield code="4">0</subfield>
    <subfield code="7">0</subfield>
    <subfield code="a">12.28</subfield>
    <subfield code="b">12.28</subfield>
    <subfield code="d">2017-12-05</subfield>
    <subfield code="l">0</subfield>
    <subfield code="o">P Year 3 500</subfield>
    <subfield code="p">00030693SSW</subfield>
    <subfield code="r">2024-01-23 14:43:43</subfield>
    <subfield code="w">2024-01-23</subfield>
    <subfield code="y">TXB</subfield>
  </datafield>
  <datafield tag="952" ind1=" " ind2=" ">
    <subfield code="0">0</subfield>
    <subfield code="1">0</subfield>
    <subfield code="2">ddc</subfield>
    <subfield code="4">0</subfield>
    <subfield code="7">0</subfield>
    <subfield code="a">12.28</subfield>
    <subfield code="b">12.28</subfield>
    <subfield code="d">2017-12-05</subfield>
    <subfield code="l">0</subfield>
    <subfield code="o">P Year 3 500</subfield>
    <subfield code="p">00030698SSW</subfield>
    <subfield code="r">2024-01-23 14:43:43</subfield>
    <subfield code="w">2024-01-23</subfield>
    <subfield code="y">TXB</subfield>
  </datafield>
  <datafield tag="952" ind1=" " ind2=" ">
    <subfield code="0">0</subfield>
    <subfield code="1">0</subfield>
    <subfield code="2">ddc</subfield>
    <subfield code="4">0</subfield>
    <subfield code="7">0</subfield>
    <subfield code="a">12.28</subfield>
    <subfield code="b">12.28</subfield>
    <subfield code="d">2017-12-05</subfield>
    <subfield code="l">1</subfield>
    <subfield code="o">P Year 3 500</subfield>
    <subfield code="p">00030701SSW</subfield>
    <subfield code="q">2024-11-29</subfield>
    <subfield code="r">2024-02-20 21:36:37</subfield>
    <subfield code="s">2024-02-20</subfield>
    <subfield code="w">2024-01-23</subfield>
    <subfield code="y">TXB</subfield>
  </datafield>
  <datafield tag="952" ind1=" " ind2=" ">
    <subfield code="0">0</subfield>
    <subfield code="1">0</subfield>
    <subfield code="2">ddc</subfield>
    <subfield code="4">0</subfield>
    <subfield code="7">0</subfield>
    <subfield code="a">12.28</subfield>
    <subfield code="b">12.28</subfield>
    <subfield code="d">2017-12-05</subfield>
    <subfield code="l">1</subfield>
    <subfield code="o">P Year 3 500</subfield>
    <subfield code="p">00030706SSW</subfield>
    <subfield code="q">2024-11-29</subfield>
    <subfield code="r">2024-02-20 18:16:53</subfield>
    <subfield code="s">2024-02-20</subfield>
    <subfield code="w">2024-01-23</subfield>
    <subfield code="y">TXB</subfield>
  </datafield>
  <datafield tag="952" ind1=" " ind2=" ">
    <subfield code="0">0</subfield>
    <subfield code="1">0</subfield>
    <subfield code="2">ddc</subfield>
    <subfield code="4">0</subfield>
    <subfield code="7">0</subfield>
    <subfield code="a">12.28</subfield>
    <subfield code="b">12.28</subfield>
    <subfield code="d">2016-10-11</subfield>
    <subfield code="l">1</subfield>
    <subfield code="o">P Year 3 500</subfield>
    <subfield code="p">00024781SSW</subfield>
    <subfield code="q">2024-11-29</subfield>
    <subfield code="r">2024-02-20 20:42:17</subfield>
    <subfield code="s">2024-02-20</subfield>
    <subfield code="w">2024-01-23</subfield>
    <subfield code="y">TXB</subfield>
  </datafield>
  <datafield tag="952" ind1=" " ind2=" ">
    <subfield code="0">0</subfield>
    <subfield code="1">0</subfield>
    <subfield code="2">ddc</subfield>
    <subfield code="4">0</subfield>
    <subfield code="7">0</subfield>
    <subfield code="a">12.28</subfield>
    <subfield code="b">12.28</subfield>
    <subfield code="d">2017-12-07</subfield>
    <subfield code="l">1</subfield>
    <subfield code="o">P Year 3 500</subfield>
    <subfield code="p">00030853SSW</subfield>
    <subfield code="q">2024-11-29</subfield>
    <subfield code="r">2024-02-20 21:59:07</subfield>
    <subfield code="s">2024-02-20</subfield>
    <subfield code="w">2024-01-23</subfield>
    <subfield code="y">TXB</subfield>
  </datafield>
  <datafield tag="952" ind1=" " ind2=" ">
    <subfield code="0">0</subfield>
    <subfield code="1">0</subfield>
    <subfield code="2">ddc</subfield>
    <subfield code="4">0</subfield>
    <subfield code="7">0</subfield>
    <subfield code="a">12.28</subfield>
    <subfield code="b">12.28</subfield>
    <subfield code="d">2017-12-05</subfield>
    <subfield code="l">1</subfield>
    <subfield code="o">P Year 3 500</subfield>
    <subfield code="p">00030565SSW</subfield>
    <subfield code="q">2024-11-29</subfield>
    <subfield code="r">2024-02-20 21:35:57</subfield>
    <subfield code="s">2024-02-20</subfield>
    <subfield code="w">2024-01-23</subfield>
    <subfield code="y">TXB</subfield>
  </datafield>
  <datafield tag="952" ind1=" " ind2=" ">
    <subfield code="0">0</subfield>
    <subfield code="1">0</subfield>
    <subfield code="2">ddc</subfield>
    <subfield code="4">0</subfield>
    <subfield code="7">0</subfield>
    <subfield code="a">12.28</subfield>
    <subfield code="b">12.28</subfield>
    <subfield code="d">2017-12-05</subfield>
    <subfield code="l">0</subfield>
    <subfield code="o">P Year 3 500</subfield>
    <subfield code="p">00030568SSW</subfield>
    <subfield code="r">2024-01-23 14:43:43</subfield>
    <subfield code="w">2024-01-23</subfield>
    <subfield code="y">TXB</subfield>
  </datafield>
  <datafield tag="952" ind1=" " ind2=" ">
    <subfield code="0">0</subfield>
    <subfield code="1">0</subfield>
    <subfield code="2">ddc</subfield>
    <subfield code="4">0</subfield>
    <subfield code="7">0</subfield>
    <subfield code="a">12.28</subfield>
    <subfield code="b">12.28</subfield>
    <subfield code="d">2017-12-05</subfield>
    <subfield code="l">1</subfield>
    <subfield code="o">P Year 3 500</subfield>
    <subfield code="p">00030573SSW</subfield>
    <subfield code="q">2024-11-29</subfield>
    <subfield code="r">2024-02-20 21:31:08</subfield>
    <subfield code="s">2024-02-20</subfield>
    <subfield code="w">2024-01-23</subfield>
    <subfield code="y">TXB</subfield>
  </datafield>
  <datafield tag="952" ind1=" " ind2=" ">
    <subfield code="0">0</subfield>
    <subfield code="1">0</subfield>
    <subfield code="2">ddc</subfield>
    <subfield code="4">0</subfield>
    <subfield code="7">0</subfield>
    <subfield code="a">12.27</subfield>
    <subfield code="b">12.27</subfield>
    <subfield code="d">2017-12-05</subfield>
    <subfield code="l">0</subfield>
    <subfield code="o">AP Year 3 500 ASP</subfield>
    <subfield code="p">00030576AGC</subfield>
    <subfield code="r">2024-01-23 14:43:43</subfield>
    <subfield code="w">2024-01-23</subfield>
    <subfield code="y">TXB</subfield>
  </datafield>
  <datafield tag="952" ind1=" " ind2=" ">
    <subfield code="0">0</subfield>
    <subfield code="1">0</subfield>
    <subfield code="2">ddc</subfield>
    <subfield code="4">0</subfield>
    <subfield code="7">0</subfield>
    <subfield code="a">12.28</subfield>
    <subfield code="b">12.28</subfield>
    <subfield code="d">2017-12-05</subfield>
    <subfield code="l">0</subfield>
    <subfield code="o">P Year 3 500</subfield>
    <subfield code="p">00030581SSW</subfield>
    <subfield code="r">2024-01-23 14:43:43</subfield>
    <subfield code="w">2024-01-23</subfield>
    <subfield code="y">TXB</subfield>
  </datafield>
  <datafield tag="952" ind1=" " ind2=" ">
    <subfield code="0">0</subfield>
    <subfield code="1">0</subfield>
    <subfield code="2">ddc</subfield>
    <subfield code="4">0</subfield>
    <subfield code="7">0</subfield>
    <subfield code="a">12.28</subfield>
    <subfield code="b">12.28</subfield>
    <subfield code="d">2017-12-05</subfield>
    <subfield code="l">0</subfield>
    <subfield code="o">P Year 3 500</subfield>
    <subfield code="p">00030584SSW</subfield>
    <subfield code="r">2024-01-23 14:43:43</subfield>
    <subfield code="w">2024-01-23</subfield>
    <subfield code="y">TXB</subfield>
  </datafield>
  <datafield tag="952" ind1=" " ind2=" ">
    <subfield code="0">0</subfield>
    <subfield code="1">0</subfield>
    <subfield code="2">ddc</subfield>
    <subfield code="4">0</subfield>
    <subfield code="7">0</subfield>
    <subfield code="a">12.28</subfield>
    <subfield code="b">12.28</subfield>
    <subfield code="d">2017-12-05</subfield>
    <subfield code="l">1</subfield>
    <subfield code="o">P Year 3 500</subfield>
    <subfield code="p">00030589SSW</subfield>
    <subfield code="q">2024-11-29</subfield>
    <subfield code="r">2024-02-21 17:36:26</subfield>
    <subfield code="s">2024-02-21</subfield>
    <subfield code="w">2024-01-23</subfield>
    <subfield code="y">TXB</subfield>
  </datafield>
  <datafield tag="952" ind1=" " ind2=" ">
    <subfield code="0">0</subfield>
    <subfield code="1">0</subfield>
    <subfield code="2">ddc</subfield>
    <subfield code="4">0</subfield>
    <subfield code="7">0</subfield>
    <subfield code="a">12.28</subfield>
    <subfield code="b">12.28</subfield>
    <subfield code="d">2017-12-05</subfield>
    <subfield code="l">0</subfield>
    <subfield code="o">P Year 3 500</subfield>
    <subfield code="p">00030592SSW</subfield>
    <subfield code="r">2024-01-23 14:43:43</subfield>
    <subfield code="w">2024-01-23</subfield>
    <subfield code="y">TXB</subfield>
  </datafield>
  <datafield tag="952" ind1=" " ind2=" ">
    <subfield code="0">0</subfield>
    <subfield code="1">0</subfield>
    <subfield code="2">ddc</subfield>
    <subfield code="4">0</subfield>
    <subfield code="7">0</subfield>
    <subfield code="a">12.28</subfield>
    <subfield code="b">12.28</subfield>
    <subfield code="d">2017-12-05</subfield>
    <subfield code="l">1</subfield>
    <subfield code="o">P Year 3 500</subfield>
    <subfield code="p">00030597SSW</subfield>
    <subfield code="q">2024-11-29</subfield>
    <subfield code="r">2024-02-20 21:17:44</subfield>
    <subfield code="s">2024-02-20</subfield>
    <subfield code="w">2024-01-23</subfield>
    <subfield code="y">TXB</subfield>
  </datafield>
  <datafield tag="952" ind1=" " ind2=" ">
    <subfield code="0">0</subfield>
    <subfield code="1">0</subfield>
    <subfield code="2">ddc</subfield>
    <subfield code="4">0</subfield>
    <subfield code="7">0</subfield>
    <subfield code="a">12.28</subfield>
    <subfield code="b">12.28</subfield>
    <subfield code="d">2017-12-05</subfield>
    <subfield code="l">1</subfield>
    <subfield code="o">P Year 3 500</subfield>
    <subfield code="p">00030602SSW</subfield>
    <subfield code="q">2024-11-29</subfield>
    <subfield code="r">2024-02-20 21:39:13</subfield>
    <subfield code="s">2024-02-20</subfield>
    <subfield code="w">2024-01-23</subfield>
    <subfield code="y">TXB</subfield>
  </datafield>
  <datafield tag="952" ind1=" " ind2=" ">
    <subfield code="0">0</subfield>
    <subfield code="1">0</subfield>
    <subfield code="2">ddc</subfield>
    <subfield code="4">0</subfield>
    <subfield code="7">0</subfield>
    <subfield code="a">12.28</subfield>
    <subfield code="b">12.28</subfield>
    <subfield code="d">2017-12-05</subfield>
    <subfield code="l">0</subfield>
    <subfield code="o">P Year 3 500</subfield>
    <subfield code="p">00030605SSW</subfield>
    <subfield code="r">2024-01-23 14:43:43</subfield>
    <subfield code="w">2024-01-23</subfield>
    <subfield code="y">TXB</subfield>
  </datafield>
  <datafield tag="952" ind1=" " ind2=" ">
    <subfield code="0">0</subfield>
    <subfield code="1">0</subfield>
    <subfield code="2">ddc</subfield>
    <subfield code="4">0</subfield>
    <subfield code="7">0</subfield>
    <subfield code="a">12.28</subfield>
    <subfield code="b">12.28</subfield>
    <subfield code="d">2017-12-05</subfield>
    <subfield code="l">0</subfield>
    <subfield code="o">P Year 3 500</subfield>
    <subfield code="p">00030610SSW</subfield>
    <subfield code="r">2024-01-23 14:43:43</subfield>
    <subfield code="w">2024-01-23</subfield>
    <subfield code="y">TXB</subfield>
  </datafield>
  <datafield tag="952" ind1=" " ind2=" ">
    <subfield code="0">0</subfield>
    <subfield code="1">0</subfield>
    <subfield code="2">ddc</subfield>
    <subfield code="4">0</subfield>
    <subfield code="7">0</subfield>
    <subfield code="a">12.28</subfield>
    <subfield code="b">12.28</subfield>
    <subfield code="d">2017-12-05</subfield>
    <subfield code="l">0</subfield>
    <subfield code="o">P Year 3 500</subfield>
    <subfield code="p">00030613SSW</subfield>
    <subfield code="r">2024-01-23 14:43:43</subfield>
    <subfield code="w">2024-01-23</subfield>
    <subfield code="y">TXB</subfield>
  </datafield>
  <datafield tag="952" ind1=" " ind2=" ">
    <subfield code="0">0</subfield>
    <subfield code="1">0</subfield>
    <subfield code="2">ddc</subfield>
    <subfield code="4">0</subfield>
    <subfield code="7">0</subfield>
    <subfield code="a">12.28</subfield>
    <subfield code="b">12.28</subfield>
    <subfield code="d">2017-12-05</subfield>
    <subfield code="l">1</subfield>
    <subfield code="o">P Year 3 500</subfield>
    <subfield code="p">00030618SSW</subfield>
    <subfield code="q">2024-11-29</subfield>
    <subfield code="r">2024-02-21 16:46:33</subfield>
    <subfield code="s">2024-02-21</subfield>
    <subfield code="w">2024-01-23</subfield>
    <subfield code="y">TXB</subfield>
  </datafield>
  <datafield tag="952" ind1=" " ind2=" ">
    <subfield code="0">0</subfield>
    <subfield code="1">0</subfield>
    <subfield code="2">ddc</subfield>
    <subfield code="4">0</subfield>
    <subfield code="7">0</subfield>
    <subfield code="a">12.28</subfield>
    <subfield code="b">12.28</subfield>
    <subfield code="d">2017-12-05</subfield>
    <subfield code="l">1</subfield>
    <subfield code="o">P Year 3 500</subfield>
    <subfield code="p">00030621SSW</subfield>
    <subfield code="q">2024-11-29</subfield>
    <subfield code="r">2024-04-08 14:09:35</subfield>
    <subfield code="s">2024-04-08</subfield>
    <subfield code="w">2024-01-23</subfield>
    <subfield code="y">TXB</subfield>
  </datafield>
  <datafield tag="952" ind1=" " ind2=" ">
    <subfield code="0">0</subfield>
    <subfield code="1">0</subfield>
    <subfield code="2">ddc</subfield>
    <subfield code="4">0</subfield>
    <subfield code="7">0</subfield>
    <subfield code="a">12.28</subfield>
    <subfield code="b">12.28</subfield>
    <subfield code="d">2017-12-05</subfield>
    <subfield code="l">1</subfield>
    <subfield code="o">P Year 3 500</subfield>
    <subfield code="p">00030626SSW</subfield>
    <subfield code="q">2024-11-29</subfield>
    <subfield code="r">2024-02-20 21:51:00</subfield>
    <subfield code="s">2024-02-20</subfield>
    <subfield code="w">2024-01-23</subfield>
    <subfield code="y">TXB</subfield>
  </datafield>
  <datafield tag="952" ind1=" " ind2=" ">
    <subfield code="0">0</subfield>
    <subfield code="1">0</subfield>
    <subfield code="2">ddc</subfield>
    <subfield code="4">0</subfield>
    <subfield code="7">0</subfield>
    <subfield code="a">12.28</subfield>
    <subfield code="b">12.28</subfield>
    <subfield code="d">2017-12-05</subfield>
    <subfield code="l">1</subfield>
    <subfield code="o">P Year 3 500</subfield>
    <subfield code="p">00030629SSW</subfield>
    <subfield code="q">2024-11-29</subfield>
    <subfield code="r">2024-02-20 21:26:25</subfield>
    <subfield code="s">2024-02-20</subfield>
    <subfield code="w">2024-01-23</subfield>
    <subfield code="y">TXB</subfield>
  </datafield>
  <datafield tag="952" ind1=" " ind2=" ">
    <subfield code="0">0</subfield>
    <subfield code="1">0</subfield>
    <subfield code="2">ddc</subfield>
    <subfield code="4">0</subfield>
    <subfield code="7">0</subfield>
    <subfield code="a">12.28</subfield>
    <subfield code="b">12.28</subfield>
    <subfield code="d">2017-12-05</subfield>
    <subfield code="l">1</subfield>
    <subfield code="o">P Year 3 500</subfield>
    <subfield code="p">00030634SSW</subfield>
    <subfield code="q">2024-11-29</subfield>
    <subfield code="r">2024-02-20 18:15:24</subfield>
    <subfield code="s">2024-02-20</subfield>
    <subfield code="w">2024-01-23</subfield>
    <subfield code="y">TXB</subfield>
  </datafield>
  <datafield tag="952" ind1=" " ind2=" ">
    <subfield code="0">0</subfield>
    <subfield code="1">0</subfield>
    <subfield code="2">ddc</subfield>
    <subfield code="4">0</subfield>
    <subfield code="7">0</subfield>
    <subfield code="a">12.28</subfield>
    <subfield code="b">12.28</subfield>
    <subfield code="d">2017-12-05</subfield>
    <subfield code="l">0</subfield>
    <subfield code="o">P Year 3 500</subfield>
    <subfield code="p">00030637SSW</subfield>
    <subfield code="r">2024-01-23 14:43:43</subfield>
    <subfield code="w">2024-01-23</subfield>
    <subfield code="y">TXB</subfield>
  </datafield>
  <datafield tag="952" ind1=" " ind2=" ">
    <subfield code="0">0</subfield>
    <subfield code="1">0</subfield>
    <subfield code="2">ddc</subfield>
    <subfield code="4">0</subfield>
    <subfield code="7">0</subfield>
    <subfield code="a">12.28</subfield>
    <subfield code="b">12.28</subfield>
    <subfield code="d">2017-12-05</subfield>
    <subfield code="l">1</subfield>
    <subfield code="o">P Year 3 500</subfield>
    <subfield code="p">00030642SSW</subfield>
    <subfield code="q">2024-11-29</subfield>
    <subfield code="r">2024-02-20 20:49:03</subfield>
    <subfield code="s">2024-02-20</subfield>
    <subfield code="w">2024-01-23</subfield>
    <subfield code="y">TXB</subfield>
  </datafield>
  <datafield tag="952" ind1=" " ind2=" ">
    <subfield code="0">0</subfield>
    <subfield code="1">0</subfield>
    <subfield code="2">ddc</subfield>
    <subfield code="4">0</subfield>
    <subfield code="7">0</subfield>
    <subfield code="a">12.28</subfield>
    <subfield code="b">12.28</subfield>
    <subfield code="d">2017-12-05</subfield>
    <subfield code="l">1</subfield>
    <subfield code="o">P Year 3 500</subfield>
    <subfield code="p">00030645SSW</subfield>
    <subfield code="q">2024-11-29</subfield>
    <subfield code="r">2024-02-21 16:48:51</subfield>
    <subfield code="s">2024-02-21</subfield>
    <subfield code="w">2024-01-23</subfield>
    <subfield code="y">TXB</subfield>
  </datafield>
  <datafield tag="952" ind1=" " ind2=" ">
    <subfield code="0">0</subfield>
    <subfield code="1">0</subfield>
    <subfield code="2">ddc</subfield>
    <subfield code="4">0</subfield>
    <subfield code="7">0</subfield>
    <subfield code="a">12.28</subfield>
    <subfield code="b">12.28</subfield>
    <subfield code="d">2017-12-05</subfield>
    <subfield code="l">1</subfield>
    <subfield code="o">P Year 3 500</subfield>
    <subfield code="p">00030647SSW</subfield>
    <subfield code="q">2024-11-29</subfield>
    <subfield code="r">2024-02-21 16:12:18</subfield>
    <subfield code="s">2024-02-21</subfield>
    <subfield code="w">2024-01-23</subfield>
    <subfield code="y">TXB</subfield>
  </datafield>
  <datafield tag="952" ind1=" " ind2=" ">
    <subfield code="0">0</subfield>
    <subfield code="1">0</subfield>
    <subfield code="2">ddc</subfield>
    <subfield code="4">0</subfield>
    <subfield code="7">0</subfield>
    <subfield code="a">12.28</subfield>
    <subfield code="b">12.28</subfield>
    <subfield code="d">2017-12-05</subfield>
    <subfield code="l">1</subfield>
    <subfield code="o">P Year 3 500</subfield>
    <subfield code="p">00030650SSW</subfield>
    <subfield code="q">2024-11-29</subfield>
    <subfield code="r">2024-02-20 18:05:32</subfield>
    <subfield code="s">2024-02-20</subfield>
    <subfield code="w">2024-01-23</subfield>
    <subfield code="y">TXB</subfield>
  </datafield>
  <datafield tag="952" ind1=" " ind2=" ">
    <subfield code="0">0</subfield>
    <subfield code="1">0</subfield>
    <subfield code="2">ddc</subfield>
    <subfield code="4">0</subfield>
    <subfield code="7">0</subfield>
    <subfield code="a">12.28</subfield>
    <subfield code="b">12.28</subfield>
    <subfield code="d">2017-12-05</subfield>
    <subfield code="l">0</subfield>
    <subfield code="o">P Year 3 500</subfield>
    <subfield code="p">00030655SSW</subfield>
    <subfield code="r">2024-01-23 14:43:44</subfield>
    <subfield code="w">2024-01-23</subfield>
    <subfield code="y">TXB</subfield>
  </datafield>
  <datafield tag="952" ind1=" " ind2=" ">
    <subfield code="0">0</subfield>
    <subfield code="1">0</subfield>
    <subfield code="2">ddc</subfield>
    <subfield code="4">0</subfield>
    <subfield code="7">0</subfield>
    <subfield code="a">12.28</subfield>
    <subfield code="b">12.28</subfield>
    <subfield code="d">2017-12-05</subfield>
    <subfield code="l">0</subfield>
    <subfield code="o">P Year 3 500</subfield>
    <subfield code="p">00030658SSW</subfield>
    <subfield code="r">2024-01-23 14:43:44</subfield>
    <subfield code="w">2024-01-23</subfield>
    <subfield code="y">TXB</subfield>
  </datafield>
  <datafield tag="952" ind1=" " ind2=" ">
    <subfield code="0">0</subfield>
    <subfield code="1">0</subfield>
    <subfield code="2">ddc</subfield>
    <subfield code="4">0</subfield>
    <subfield code="7">0</subfield>
    <subfield code="a">12.28</subfield>
    <subfield code="b">12.28</subfield>
    <subfield code="d">2017-12-05</subfield>
    <subfield code="l">1</subfield>
    <subfield code="o">P Year 3 500</subfield>
    <subfield code="p">00030663SSW</subfield>
    <subfield code="q">2024-11-29</subfield>
    <subfield code="r">2024-02-20 21:49:47</subfield>
    <subfield code="s">2024-02-20</subfield>
    <subfield code="w">2024-01-23</subfield>
    <subfield code="y">TXB</subfield>
  </datafield>
  <datafield tag="952" ind1=" " ind2=" ">
    <subfield code="0">0</subfield>
    <subfield code="1">0</subfield>
    <subfield code="2">ddc</subfield>
    <subfield code="4">0</subfield>
    <subfield code="7">0</subfield>
    <subfield code="a">12.28</subfield>
    <subfield code="b">12.28</subfield>
    <subfield code="d">2017-12-05</subfield>
    <subfield code="l">0</subfield>
    <subfield code="o">P Year 3 500</subfield>
    <subfield code="p">00030666SSW</subfield>
    <subfield code="r">2024-01-23 14:43:44</subfield>
    <subfield code="w">2024-01-23</subfield>
    <subfield code="y">TXB</subfield>
  </datafield>
  <datafield tag="952" ind1=" " ind2=" ">
    <subfield code="0">0</subfield>
    <subfield code="1">0</subfield>
    <subfield code="2">ddc</subfield>
    <subfield code="4">0</subfield>
    <subfield code="7">0</subfield>
    <subfield code="a">12.28</subfield>
    <subfield code="b">12.28</subfield>
    <subfield code="d">2017-12-05</subfield>
    <subfield code="l">1</subfield>
    <subfield code="o">P Year 3 500</subfield>
    <subfield code="p">00030671SSW</subfield>
    <subfield code="q">2024-11-29</subfield>
    <subfield code="r">2024-02-21 16:15:53</subfield>
    <subfield code="s">2024-02-21</subfield>
    <subfield code="w">2024-01-23</subfield>
    <subfield code="y">TXB</subfield>
  </datafield>
  <datafield tag="952" ind1=" " ind2=" ">
    <subfield code="0">0</subfield>
    <subfield code="1">0</subfield>
    <subfield code="2">ddc</subfield>
    <subfield code="4">0</subfield>
    <subfield code="7">0</subfield>
    <subfield code="a">12.28</subfield>
    <subfield code="b">12.28</subfield>
    <subfield code="d">2017-12-05</subfield>
    <subfield code="l">1</subfield>
    <subfield code="o">P Year 3 500</subfield>
    <subfield code="p">00030674SSW</subfield>
    <subfield code="q">2024-11-29</subfield>
    <subfield code="r">2024-02-20 18:17:29</subfield>
    <subfield code="s">2024-02-20</subfield>
    <subfield code="w">2024-01-23</subfield>
    <subfield code="y">TXB</subfield>
  </datafield>
  <datafield tag="952" ind1=" " ind2=" ">
    <subfield code="0">0</subfield>
    <subfield code="1">0</subfield>
    <subfield code="2">ddc</subfield>
    <subfield code="4">0</subfield>
    <subfield code="7">0</subfield>
    <subfield code="a">12.28</subfield>
    <subfield code="b">12.28</subfield>
    <subfield code="d">2017-12-05</subfield>
    <subfield code="l">0</subfield>
    <subfield code="o">P Year 3 500</subfield>
    <subfield code="p">00030679SSW</subfield>
    <subfield code="r">2024-01-23 14:43:44</subfield>
    <subfield code="w">2024-01-23</subfield>
    <subfield code="y">TXB</subfield>
  </datafield>
  <datafield tag="952" ind1=" " ind2=" ">
    <subfield code="0">0</subfield>
    <subfield code="1">0</subfield>
    <subfield code="2">ddc</subfield>
    <subfield code="4">0</subfield>
    <subfield code="7">0</subfield>
    <subfield code="a">12.28</subfield>
    <subfield code="b">12.28</subfield>
    <subfield code="d">2017-12-05</subfield>
    <subfield code="l">1</subfield>
    <subfield code="o">P Year 3 500</subfield>
    <subfield code="p">00030682SSW</subfield>
    <subfield code="q">2024-11-29</subfield>
    <subfield code="r">2024-02-20 18:09:46</subfield>
    <subfield code="s">2024-02-20</subfield>
    <subfield code="w">2024-01-23</subfield>
    <subfield code="y">TXB</subfield>
  </datafield>
  <datafield tag="952" ind1=" " ind2=" ">
    <subfield code="0">0</subfield>
    <subfield code="1">0</subfield>
    <subfield code="2">ddc</subfield>
    <subfield code="4">0</subfield>
    <subfield code="7">0</subfield>
    <subfield code="a">12.28</subfield>
    <subfield code="b">12.28</subfield>
    <subfield code="d">2017-12-05</subfield>
    <subfield code="l">1</subfield>
    <subfield code="o">P Year 3 500</subfield>
    <subfield code="p">00030687SSW</subfield>
    <subfield code="q">2024-11-29</subfield>
    <subfield code="r">2024-02-21 16:51:43</subfield>
    <subfield code="s">2024-02-21</subfield>
    <subfield code="w">2024-01-23</subfield>
    <subfield code="y">TXB</subfield>
  </datafield>
  <datafield tag="952" ind1=" " ind2=" ">
    <subfield code="0">0</subfield>
    <subfield code="1">0</subfield>
    <subfield code="2">ddc</subfield>
    <subfield code="4">0</subfield>
    <subfield code="7">0</subfield>
    <subfield code="a">12.28</subfield>
    <subfield code="b">12.28</subfield>
    <subfield code="d">2017-12-05</subfield>
    <subfield code="l">1</subfield>
    <subfield code="o">P Year 3 500</subfield>
    <subfield code="p">00030690SSW</subfield>
    <subfield code="q">2024-11-29</subfield>
    <subfield code="r">2024-02-20 21:50:23</subfield>
    <subfield code="s">2024-02-20</subfield>
    <subfield code="w">2024-01-23</subfield>
    <subfield code="y">TXB</subfield>
  </datafield>
  <datafield tag="952" ind1=" " ind2=" ">
    <subfield code="0">0</subfield>
    <subfield code="1">0</subfield>
    <subfield code="2">ddc</subfield>
    <subfield code="4">0</subfield>
    <subfield code="7">0</subfield>
    <subfield code="a">12.28</subfield>
    <subfield code="b">12.28</subfield>
    <subfield code="d">2017-12-05</subfield>
    <subfield code="l">1</subfield>
    <subfield code="o">P Year 3 500</subfield>
    <subfield code="p">00030695SSW</subfield>
    <subfield code="q">2024-11-29</subfield>
    <subfield code="r">2024-02-20 21:28:41</subfield>
    <subfield code="s">2024-02-20</subfield>
    <subfield code="w">2024-01-23</subfield>
    <subfield code="y">TXB</subfield>
  </datafield>
  <datafield tag="952" ind1=" " ind2=" ">
    <subfield code="0">0</subfield>
    <subfield code="1">0</subfield>
    <subfield code="2">ddc</subfield>
    <subfield code="4">0</subfield>
    <subfield code="7">0</subfield>
    <subfield code="a">12.28</subfield>
    <subfield code="b">12.28</subfield>
    <subfield code="d">2017-12-05</subfield>
    <subfield code="l">0</subfield>
    <subfield code="o">P Year 3 500</subfield>
    <subfield code="p">00030700SSW</subfield>
    <subfield code="r">2024-01-23 14:43:44</subfield>
    <subfield code="w">2024-01-23</subfield>
    <subfield code="y">TXB</subfield>
  </datafield>
  <datafield tag="952" ind1=" " ind2=" ">
    <subfield code="0">0</subfield>
    <subfield code="1">0</subfield>
    <subfield code="2">ddc</subfield>
    <subfield code="4">0</subfield>
    <subfield code="7">0</subfield>
    <subfield code="a">12.28</subfield>
    <subfield code="b">12.28</subfield>
    <subfield code="d">2017-12-05</subfield>
    <subfield code="l">1</subfield>
    <subfield code="o">P Year 3 500</subfield>
    <subfield code="p">00030703SSW</subfield>
    <subfield code="q">2024-11-29</subfield>
    <subfield code="r">2024-02-21 16:45:46</subfield>
    <subfield code="s">2024-02-21</subfield>
    <subfield code="w">2024-01-23</subfield>
    <subfield code="y">TXB</subfield>
  </datafield>
  <datafield tag="952" ind1=" " ind2=" ">
    <subfield code="0">0</subfield>
    <subfield code="1">0</subfield>
    <subfield code="2">ddc</subfield>
    <subfield code="4">0</subfield>
    <subfield code="7">0</subfield>
    <subfield code="a">12.28</subfield>
    <subfield code="b">12.28</subfield>
    <subfield code="d">2022-12-20</subfield>
    <subfield code="l">0</subfield>
    <subfield code="o">P Year 3 500 ASP</subfield>
    <subfield code="p">00059524SSW</subfield>
    <subfield code="r">2024-01-23 14:43:44</subfield>
    <subfield code="w">2024-01-23</subfield>
    <subfield code="y">TXB</subfield>
  </datafield>
  <datafield tag="952" ind1=" " ind2=" ">
    <subfield code="0">0</subfield>
    <subfield code="1">0</subfield>
    <subfield code="2">ddc</subfield>
    <subfield code="4">0</subfield>
    <subfield code="7">0</subfield>
    <subfield code="a">12.28</subfield>
    <subfield code="b">12.28</subfield>
    <subfield code="d">2023-02-02</subfield>
    <subfield code="l">0</subfield>
    <subfield code="o">P Year 3 500 ASP</subfield>
    <subfield code="p">00059801SSW</subfield>
    <subfield code="r">2024-01-23 14:43:44</subfield>
    <subfield code="w">2024-01-23</subfield>
    <subfield code="y">TXB</subfield>
  </datafield>
  <datafield tag="952" ind1=" " ind2=" ">
    <subfield code="0">0</subfield>
    <subfield code="1">0</subfield>
    <subfield code="2">ddc</subfield>
    <subfield code="4">0</subfield>
    <subfield code="7">0</subfield>
    <subfield code="a">12.28</subfield>
    <subfield code="b">12.28</subfield>
    <subfield code="d">2023-02-02</subfield>
    <subfield code="l">0</subfield>
    <subfield code="o">P Year 3 500 ASP</subfield>
    <subfield code="p">00059802SSW</subfield>
    <subfield code="r">2024-01-23 14:43:44</subfield>
    <subfield code="w">2024-01-23</subfield>
    <subfield code="y">TXB</subfield>
  </datafield>
  <datafield tag="952" ind1=" " ind2=" ">
    <subfield code="0">0</subfield>
    <subfield code="1">0</subfield>
    <subfield code="2">ddc</subfield>
    <subfield code="4">0</subfield>
    <subfield code="7">0</subfield>
    <subfield code="a">12.28</subfield>
    <subfield code="b">12.28</subfield>
    <subfield code="d">2023-02-02</subfield>
    <subfield code="l">0</subfield>
    <subfield code="o">P Year 3 500 ASP</subfield>
    <subfield code="p">00059803SSW</subfield>
    <subfield code="r">2024-01-23 14:43:44</subfield>
    <subfield code="w">2024-01-23</subfield>
    <subfield code="y">TXB</subfield>
  </datafield>
  <datafield tag="952" ind1=" " ind2=" ">
    <subfield code="0">0</subfield>
    <subfield code="1">0</subfield>
    <subfield code="2">ddc</subfield>
    <subfield code="4">0</subfield>
    <subfield code="7">0</subfield>
    <subfield code="a">12.28</subfield>
    <subfield code="b">12.28</subfield>
    <subfield code="d">2023-02-02</subfield>
    <subfield code="l">0</subfield>
    <subfield code="o">P Year 3 500 ASP</subfield>
    <subfield code="p">00059804SSW</subfield>
    <subfield code="r">2024-01-23 14:43:44</subfield>
    <subfield code="w">2024-01-23</subfield>
    <subfield code="y">TXB</subfield>
  </datafield>
  <datafield tag="952" ind1=" " ind2=" ">
    <subfield code="0">0</subfield>
    <subfield code="1">0</subfield>
    <subfield code="2">ddc</subfield>
    <subfield code="4">0</subfield>
    <subfield code="7">0</subfield>
    <subfield code="a">12.28</subfield>
    <subfield code="b">12.28</subfield>
    <subfield code="d">2023-02-02</subfield>
    <subfield code="l">1</subfield>
    <subfield code="o">P Year 3 500 ASP</subfield>
    <subfield code="p">00059805SSW</subfield>
    <subfield code="q">2024-11-29</subfield>
    <subfield code="r">2024-02-20 21:46:15</subfield>
    <subfield code="s">2024-02-20</subfield>
    <subfield code="w">2024-01-23</subfield>
    <subfield code="y">TXB</subfield>
  </datafield>
  <datafield tag="952" ind1=" " ind2=" ">
    <subfield code="0">0</subfield>
    <subfield code="1">0</subfield>
    <subfield code="2">ddc</subfield>
    <subfield code="4">0</subfield>
    <subfield code="7">0</subfield>
    <subfield code="a">12.28</subfield>
    <subfield code="b">12.28</subfield>
    <subfield code="d">2023-02-02</subfield>
    <subfield code="l">0</subfield>
    <subfield code="o">P Year 3 500 ASP</subfield>
    <subfield code="p">00059800SSW</subfield>
    <subfield code="r">2024-01-23 14:43:44</subfield>
    <subfield code="w">2024-01-23</subfield>
    <subfield code="y">TXB</subfield>
  </datafield>
  <datafield tag="952" ind1=" " ind2=" ">
    <subfield code="0">0</subfield>
    <subfield code="1">0</subfield>
    <subfield code="2">ddc</subfield>
    <subfield code="4">0</subfield>
    <subfield code="7">0</subfield>
    <subfield code="a">12.28</subfield>
    <subfield code="b">12.28</subfield>
    <subfield code="d">2023-02-02</subfield>
    <subfield code="l">0</subfield>
    <subfield code="o">P Year 3 500 ASP</subfield>
    <subfield code="p">00059798SSW</subfield>
    <subfield code="r">2024-01-23 14:43:44</subfield>
    <subfield code="w">2024-01-23</subfield>
    <subfield code="y">TXB</subfield>
  </datafield>
  <datafield tag="952" ind1=" " ind2=" ">
    <subfield code="0">0</subfield>
    <subfield code="1">0</subfield>
    <subfield code="2">ddc</subfield>
    <subfield code="4">0</subfield>
    <subfield code="7">0</subfield>
    <subfield code="a">12.28</subfield>
    <subfield code="b">12.28</subfield>
    <subfield code="d">2023-02-02</subfield>
    <subfield code="l">0</subfield>
    <subfield code="o">P Year 3 500 ASP</subfield>
    <subfield code="p">00059799SSW</subfield>
    <subfield code="r">2024-01-23 14:43:44</subfield>
    <subfield code="w">2024-01-23</subfield>
    <subfield code="y">TXB</subfield>
  </datafield>
  <datafield tag="952" ind1=" " ind2=" ">
    <subfield code="0">0</subfield>
    <subfield code="1">0</subfield>
    <subfield code="2">ddc</subfield>
    <subfield code="4">0</subfield>
    <subfield code="7">0</subfield>
    <subfield code="a">12.28</subfield>
    <subfield code="b">12.28</subfield>
    <subfield code="d">2020-11-16</subfield>
    <subfield code="l">0</subfield>
    <subfield code="o">P Year 3 500 ASP</subfield>
    <subfield code="p">00051086SSW</subfield>
    <subfield code="r">2024-01-23 14:43:44</subfield>
    <subfield code="w">2024-01-23</subfield>
    <subfield code="y">TXB</subfield>
  </datafield>
  <datafield tag="952" ind1=" " ind2=" ">
    <subfield code="0">0</subfield>
    <subfield code="1">0</subfield>
    <subfield code="2">ddc</subfield>
    <subfield code="4">0</subfield>
    <subfield code="7">0</subfield>
    <subfield code="a">12.28</subfield>
    <subfield code="b">12.28</subfield>
    <subfield code="d">2020-11-16</subfield>
    <subfield code="l">1</subfield>
    <subfield code="o">P Year 3 500 ASP</subfield>
    <subfield code="p">00051087SSW</subfield>
    <subfield code="q">2024-11-29</subfield>
    <subfield code="r">2024-02-20 20:46:49</subfield>
    <subfield code="s">2024-02-20</subfield>
    <subfield code="w">2024-01-23</subfield>
    <subfield code="y">TXB</subfield>
  </datafield>
  <datafield tag="952" ind1=" " ind2=" ">
    <subfield code="0">0</subfield>
    <subfield code="1">0</subfield>
    <subfield code="2">ddc</subfield>
    <subfield code="4">0</subfield>
    <subfield code="7">0</subfield>
    <subfield code="a">12.28</subfield>
    <subfield code="b">12.28</subfield>
    <subfield code="d">2020-11-16</subfield>
    <subfield code="l">1</subfield>
    <subfield code="o">P Year 3 500 ASP</subfield>
    <subfield code="p">00051088SSW</subfield>
    <subfield code="q">2024-11-29</subfield>
    <subfield code="r">2024-02-21 17:04:35</subfield>
    <subfield code="s">2024-02-21</subfield>
    <subfield code="w">2024-01-23</subfield>
    <subfield code="y">TXB</subfield>
  </datafield>
  <datafield tag="952" ind1=" " ind2=" ">
    <subfield code="0">0</subfield>
    <subfield code="1">0</subfield>
    <subfield code="2">ddc</subfield>
    <subfield code="4">0</subfield>
    <subfield code="7">0</subfield>
    <subfield code="a">12.28</subfield>
    <subfield code="b">12.28</subfield>
    <subfield code="d">2020-11-16</subfield>
    <subfield code="l">0</subfield>
    <subfield code="o">P Year 3 500 ASP</subfield>
    <subfield code="p">00051089SSW</subfield>
    <subfield code="r">2024-01-23 14:43:44</subfield>
    <subfield code="w">2024-01-23</subfield>
    <subfield code="y">TXB</subfield>
  </datafield>
  <datafield tag="952" ind1=" " ind2=" ">
    <subfield code="0">0</subfield>
    <subfield code="1">0</subfield>
    <subfield code="2">ddc</subfield>
    <subfield code="4">0</subfield>
    <subfield code="7">0</subfield>
    <subfield code="a">12.28</subfield>
    <subfield code="b">12.28</subfield>
    <subfield code="d">2020-11-16</subfield>
    <subfield code="l">1</subfield>
    <subfield code="o">P Year 3 500 ASP</subfield>
    <subfield code="p">00051090SSW</subfield>
    <subfield code="q">2024-11-29</subfield>
    <subfield code="r">2024-02-21 17:35:50</subfield>
    <subfield code="s">2024-02-21</subfield>
    <subfield code="w">2024-01-23</subfield>
    <subfield code="y">TXB</subfield>
  </datafield>
  <datafield tag="952" ind1=" " ind2=" ">
    <subfield code="0">0</subfield>
    <subfield code="1">0</subfield>
    <subfield code="2">ddc</subfield>
    <subfield code="4">0</subfield>
    <subfield code="7">0</subfield>
    <subfield code="a">12.28</subfield>
    <subfield code="b">12.28</subfield>
    <subfield code="d">2020-11-16</subfield>
    <subfield code="l">1</subfield>
    <subfield code="o">P Year 3 500 ASP</subfield>
    <subfield code="p">00051091SSW</subfield>
    <subfield code="q">2024-11-29</subfield>
    <subfield code="r">2024-02-21 17:29:59</subfield>
    <subfield code="s">2024-02-21</subfield>
    <subfield code="w">2024-01-23</subfield>
    <subfield code="y">TXB</subfield>
  </datafield>
  <datafield tag="952" ind1=" " ind2=" ">
    <subfield code="0">0</subfield>
    <subfield code="1">0</subfield>
    <subfield code="2">ddc</subfield>
    <subfield code="4">0</subfield>
    <subfield code="7">0</subfield>
    <subfield code="a">12.28</subfield>
    <subfield code="b">12.28</subfield>
    <subfield code="d">2020-11-16</subfield>
    <subfield code="l">0</subfield>
    <subfield code="o">P Year 3 500 ASP</subfield>
    <subfield code="p">00051092SSW</subfield>
    <subfield code="r">2024-01-23 14:43:44</subfield>
    <subfield code="w">2024-01-23</subfield>
    <subfield code="y">TXB</subfield>
  </datafield>
  <datafield tag="952" ind1=" " ind2=" ">
    <subfield code="0">0</subfield>
    <subfield code="1">0</subfield>
    <subfield code="2">ddc</subfield>
    <subfield code="4">0</subfield>
    <subfield code="7">0</subfield>
    <subfield code="a">12.28</subfield>
    <subfield code="b">12.28</subfield>
    <subfield code="d">2020-11-16</subfield>
    <subfield code="l">1</subfield>
    <subfield code="o">P Year 3 500 ASP</subfield>
    <subfield code="p">00051093SSW</subfield>
    <subfield code="q">2024-11-29</subfield>
    <subfield code="r">2024-02-21 17:29:22</subfield>
    <subfield code="s">2024-02-21</subfield>
    <subfield code="w">2024-01-23</subfield>
    <subfield code="y">TXB</subfield>
  </datafield>
  <datafield tag="952" ind1=" " ind2=" ">
    <subfield code="0">0</subfield>
    <subfield code="1">0</subfield>
    <subfield code="2">ddc</subfield>
    <subfield code="4">0</subfield>
    <subfield code="7">0</subfield>
    <subfield code="a">12.28</subfield>
    <subfield code="b">12.28</subfield>
    <subfield code="d">2020-11-16</subfield>
    <subfield code="l">1</subfield>
    <subfield code="o">P Year 3 500 ASP</subfield>
    <subfield code="p">00051094SSW</subfield>
    <subfield code="q">2024-11-29</subfield>
    <subfield code="r">2024-02-20 21:22:43</subfield>
    <subfield code="s">2024-02-20</subfield>
    <subfield code="w">2024-01-23</subfield>
    <subfield code="y">TXB</subfield>
  </datafield>
  <datafield tag="952" ind1=" " ind2=" ">
    <subfield code="0">0</subfield>
    <subfield code="1">0</subfield>
    <subfield code="2">ddc</subfield>
    <subfield code="4">0</subfield>
    <subfield code="7">0</subfield>
    <subfield code="a">12.28</subfield>
    <subfield code="b">12.28</subfield>
    <subfield code="d">2020-11-16</subfield>
    <subfield code="l">1</subfield>
    <subfield code="o">P Year 3 500 ASP</subfield>
    <subfield code="p">00051095SSW</subfield>
    <subfield code="q">2024-11-29</subfield>
    <subfield code="r">2024-02-20 21:34:24</subfield>
    <subfield code="s">2024-02-20</subfield>
    <subfield code="w">2024-01-23</subfield>
    <subfield code="y">TXB</subfield>
  </datafield>
  <datafield tag="952" ind1=" " ind2=" ">
    <subfield code="0">0</subfield>
    <subfield code="1">0</subfield>
    <subfield code="2">ddc</subfield>
    <subfield code="4">0</subfield>
    <subfield code="7">0</subfield>
    <subfield code="a">12.28</subfield>
    <subfield code="b">12.28</subfield>
    <subfield code="d">2020-11-16</subfield>
    <subfield code="l">1</subfield>
    <subfield code="o">P Year 3 500 ASP</subfield>
    <subfield code="p">00051096SSW</subfield>
    <subfield code="q">2024-11-29</subfield>
    <subfield code="r">2024-02-21 17:34:35</subfield>
    <subfield code="s">2024-02-21</subfield>
    <subfield code="w">2024-01-23</subfield>
    <subfield code="y">TXB</subfield>
  </datafield>
  <datafield tag="952" ind1=" " ind2=" ">
    <subfield code="0">0</subfield>
    <subfield code="1">0</subfield>
    <subfield code="2">ddc</subfield>
    <subfield code="4">0</subfield>
    <subfield code="7">0</subfield>
    <subfield code="a">12.28</subfield>
    <subfield code="b">12.28</subfield>
    <subfield code="d">2020-11-16</subfield>
    <subfield code="l">1</subfield>
    <subfield code="o">P Year 3 500 ASP</subfield>
    <subfield code="p">00051097SSW</subfield>
    <subfield code="q">2024-11-29</subfield>
    <subfield code="r">2024-02-20 21:37:01</subfield>
    <subfield code="s">2024-02-20</subfield>
    <subfield code="w">2024-01-23</subfield>
    <subfield code="y">TXB</subfield>
  </datafield>
  <datafield tag="952" ind1=" " ind2=" ">
    <subfield code="0">0</subfield>
    <subfield code="1">0</subfield>
    <subfield code="2">ddc</subfield>
    <subfield code="4">0</subfield>
    <subfield code="7">0</subfield>
    <subfield code="a">12.28</subfield>
    <subfield code="b">12.28</subfield>
    <subfield code="d">2020-11-16</subfield>
    <subfield code="l">1</subfield>
    <subfield code="o">P Year 3 500 ASP</subfield>
    <subfield code="p">00051098SSW</subfield>
    <subfield code="q">2024-11-29</subfield>
    <subfield code="r">2024-02-20 20:11:51</subfield>
    <subfield code="s">2024-02-20</subfield>
    <subfield code="w">2024-01-23</subfield>
    <subfield code="y">TXB</subfield>
  </datafield>
  <datafield tag="952" ind1=" " ind2=" ">
    <subfield code="0">0</subfield>
    <subfield code="1">0</subfield>
    <subfield code="2">ddc</subfield>
    <subfield code="4">0</subfield>
    <subfield code="7">0</subfield>
    <subfield code="a">12.28</subfield>
    <subfield code="b">12.28</subfield>
    <subfield code="d">2020-11-16</subfield>
    <subfield code="l">1</subfield>
    <subfield code="o">P Year 3 500 ASP</subfield>
    <subfield code="p">00051099SSW</subfield>
    <subfield code="q">2024-11-29</subfield>
    <subfield code="r">2024-02-20 21:30:34</subfield>
    <subfield code="s">2024-02-20</subfield>
    <subfield code="w">2024-01-23</subfield>
    <subfield code="y">TXB</subfield>
  </datafield>
  <datafield tag="952" ind1=" " ind2=" ">
    <subfield code="0">0</subfield>
    <subfield code="1">0</subfield>
    <subfield code="2">ddc</subfield>
    <subfield code="4">0</subfield>
    <subfield code="7">0</subfield>
    <subfield code="a">12.28</subfield>
    <subfield code="b">12.28</subfield>
    <subfield code="d">2020-11-16</subfield>
    <subfield code="l">1</subfield>
    <subfield code="o">P Year 3 500 ASP</subfield>
    <subfield code="p">00051100SSW</subfield>
    <subfield code="q">2024-11-29</subfield>
    <subfield code="r">2024-02-21 16:47:02</subfield>
    <subfield code="s">2024-02-21</subfield>
    <subfield code="w">2024-01-23</subfield>
    <subfield code="y">TXB</subfield>
  </datafield>
  <datafield tag="952" ind1=" " ind2=" ">
    <subfield code="0">0</subfield>
    <subfield code="1">0</subfield>
    <subfield code="2">ddc</subfield>
    <subfield code="4">0</subfield>
    <subfield code="7">0</subfield>
    <subfield code="a">12.28</subfield>
    <subfield code="b">12.28</subfield>
    <subfield code="d">2020-11-17</subfield>
    <subfield code="l">0</subfield>
    <subfield code="o">P Year 3 500 ASP</subfield>
    <subfield code="p">00051345SSW</subfield>
    <subfield code="r">2024-01-23 14:43:45</subfield>
    <subfield code="w">2024-01-23</subfield>
    <subfield code="y">TXB</subfield>
  </datafield>
  <datafield tag="952" ind1=" " ind2=" ">
    <subfield code="0">0</subfield>
    <subfield code="1">0</subfield>
    <subfield code="2">ddc</subfield>
    <subfield code="4">0</subfield>
    <subfield code="7">0</subfield>
    <subfield code="a">12.27</subfield>
    <subfield code="b">12.27</subfield>
    <subfield code="d">2020-11-06</subfield>
    <subfield code="l">0</subfield>
    <subfield code="o">AP Year 3 500 ASP</subfield>
    <subfield code="p">00050455AGC</subfield>
    <subfield code="r">2024-01-23 14:43:45</subfield>
    <subfield code="w">2024-01-23</subfield>
    <subfield code="y">TXB</subfield>
  </datafield>
  <datafield tag="952" ind1=" " ind2=" ">
    <subfield code="0">0</subfield>
    <subfield code="1">0</subfield>
    <subfield code="2">ddc</subfield>
    <subfield code="4">0</subfield>
    <subfield code="7">0</subfield>
    <subfield code="a">12.27</subfield>
    <subfield code="b">12.27</subfield>
    <subfield code="d">2020-11-06</subfield>
    <subfield code="l">0</subfield>
    <subfield code="o">AP Year 3 500 ASP</subfield>
    <subfield code="p">00050456AGC</subfield>
    <subfield code="r">2024-01-23 14:43:45</subfield>
    <subfield code="w">2024-01-23</subfield>
    <subfield code="y">TXB</subfield>
  </datafield>
  <datafield tag="952" ind1=" " ind2=" ">
    <subfield code="0">0</subfield>
    <subfield code="1">0</subfield>
    <subfield code="2">ddc</subfield>
    <subfield code="4">0</subfield>
    <subfield code="7">0</subfield>
    <subfield code="a">12.27</subfield>
    <subfield code="b">12.27</subfield>
    <subfield code="d">2020-11-06</subfield>
    <subfield code="l">0</subfield>
    <subfield code="o">AP Year 3 500 ASP</subfield>
    <subfield code="p">00050457AGC</subfield>
    <subfield code="r">2024-01-23 14:43:45</subfield>
    <subfield code="w">2024-01-23</subfield>
    <subfield code="y">TXB</subfield>
  </datafield>
  <datafield tag="952" ind1=" " ind2=" ">
    <subfield code="0">0</subfield>
    <subfield code="1">0</subfield>
    <subfield code="2">ddc</subfield>
    <subfield code="4">0</subfield>
    <subfield code="7">0</subfield>
    <subfield code="a">12.27</subfield>
    <subfield code="b">12.27</subfield>
    <subfield code="d">2020-11-06</subfield>
    <subfield code="l">0</subfield>
    <subfield code="o">AP Year 3 500 ASP</subfield>
    <subfield code="p">00050458AGC</subfield>
    <subfield code="r">2024-01-23 14:43:45</subfield>
    <subfield code="w">2024-01-23</subfield>
    <subfield code="y">TXB</subfield>
  </datafield>
  <datafield tag="952" ind1=" " ind2=" ">
    <subfield code="0">0</subfield>
    <subfield code="1">0</subfield>
    <subfield code="2">ddc</subfield>
    <subfield code="4">0</subfield>
    <subfield code="7">0</subfield>
    <subfield code="a">12.27</subfield>
    <subfield code="b">12.27</subfield>
    <subfield code="d">2020-11-06</subfield>
    <subfield code="l">0</subfield>
    <subfield code="o">AP Year 3 500 ASP</subfield>
    <subfield code="p">00050459AGC</subfield>
    <subfield code="r">2024-01-23 14:43:45</subfield>
    <subfield code="w">2024-01-23</subfield>
    <subfield code="y">TXB</subfield>
  </datafield>
  <datafield tag="952" ind1=" " ind2=" ">
    <subfield code="0">0</subfield>
    <subfield code="1">0</subfield>
    <subfield code="2">ddc</subfield>
    <subfield code="4">0</subfield>
    <subfield code="7">0</subfield>
    <subfield code="a">12.27</subfield>
    <subfield code="b">12.27</subfield>
    <subfield code="d">2020-11-06</subfield>
    <subfield code="l">0</subfield>
    <subfield code="o">AP Year 3 500 ASP</subfield>
    <subfield code="p">00050460AGC</subfield>
    <subfield code="r">2024-01-23 14:43:45</subfield>
    <subfield code="w">2024-01-23</subfield>
    <subfield code="y">TXB</subfield>
  </datafield>
  <datafield tag="952" ind1=" " ind2=" ">
    <subfield code="0">0</subfield>
    <subfield code="1">0</subfield>
    <subfield code="2">ddc</subfield>
    <subfield code="4">0</subfield>
    <subfield code="7">0</subfield>
    <subfield code="a">12.27</subfield>
    <subfield code="b">12.27</subfield>
    <subfield code="d">2020-11-06</subfield>
    <subfield code="l">0</subfield>
    <subfield code="o">AP Year 3 500 ASP</subfield>
    <subfield code="p">00050461AGC</subfield>
    <subfield code="r">2024-01-23 14:43:45</subfield>
    <subfield code="w">2024-01-23</subfield>
    <subfield code="y">TXB</subfield>
  </datafield>
  <datafield tag="952" ind1=" " ind2=" ">
    <subfield code="0">0</subfield>
    <subfield code="1">0</subfield>
    <subfield code="2">ddc</subfield>
    <subfield code="4">0</subfield>
    <subfield code="7">0</subfield>
    <subfield code="a">12.27</subfield>
    <subfield code="b">12.27</subfield>
    <subfield code="d">2020-11-06</subfield>
    <subfield code="l">0</subfield>
    <subfield code="o">AP Year 3 500 ASP</subfield>
    <subfield code="p">00050462AGC</subfield>
    <subfield code="r">2024-01-23 14:43:45</subfield>
    <subfield code="w">2024-01-23</subfield>
    <subfield code="y">TXB</subfield>
  </datafield>
  <datafield tag="952" ind1=" " ind2=" ">
    <subfield code="0">0</subfield>
    <subfield code="1">0</subfield>
    <subfield code="2">ddc</subfield>
    <subfield code="4">0</subfield>
    <subfield code="7">0</subfield>
    <subfield code="a">12.27</subfield>
    <subfield code="b">12.27</subfield>
    <subfield code="d">2020-11-06</subfield>
    <subfield code="l">0</subfield>
    <subfield code="o">AP Year 3 500 ASP</subfield>
    <subfield code="p">00050463AGC</subfield>
    <subfield code="r">2024-01-23 14:43:45</subfield>
    <subfield code="w">2024-01-23</subfield>
    <subfield code="y">TXB</subfield>
  </datafield>
  <datafield tag="952" ind1=" " ind2=" ">
    <subfield code="0">0</subfield>
    <subfield code="1">0</subfield>
    <subfield code="2">ddc</subfield>
    <subfield code="4">0</subfield>
    <subfield code="7">0</subfield>
    <subfield code="a">12.27</subfield>
    <subfield code="b">12.27</subfield>
    <subfield code="d">2020-11-06</subfield>
    <subfield code="l">0</subfield>
    <subfield code="o">AP Year 3 500 ASP</subfield>
    <subfield code="p">00050464AGC</subfield>
    <subfield code="r">2024-01-23 14:43:45</subfield>
    <subfield code="w">2024-01-23</subfield>
    <subfield code="y">TXB</subfield>
  </datafield>
  <datafield tag="952" ind1=" " ind2=" ">
    <subfield code="0">0</subfield>
    <subfield code="1">0</subfield>
    <subfield code="2">ddc</subfield>
    <subfield code="4">0</subfield>
    <subfield code="7">0</subfield>
    <subfield code="a">12.27</subfield>
    <subfield code="b">12.27</subfield>
    <subfield code="d">2020-11-06</subfield>
    <subfield code="l">1</subfield>
    <subfield code="o">AP Year 3 500 ASP</subfield>
    <subfield code="p">00050465AGC</subfield>
    <subfield code="q">2024-03-29</subfield>
    <subfield code="r">2024-01-29 11:43:38</subfield>
    <subfield code="s">2024-01-29</subfield>
    <subfield code="w">2024-01-23</subfield>
    <subfield code="y">TXB</subfield>
  </datafield>
  <datafield tag="952" ind1=" " ind2=" ">
    <subfield code="0">0</subfield>
    <subfield code="1">0</subfield>
    <subfield code="2">ddc</subfield>
    <subfield code="4">0</subfield>
    <subfield code="7">0</subfield>
    <subfield code="a">12.27</subfield>
    <subfield code="b">12.27</subfield>
    <subfield code="d">2020-11-06</subfield>
    <subfield code="l">0</subfield>
    <subfield code="o">AP Year 3 500 ASP</subfield>
    <subfield code="p">00050466AGC</subfield>
    <subfield code="r">2024-01-23 14:43:45</subfield>
    <subfield code="w">2024-01-23</subfield>
    <subfield code="y">TXB</subfield>
  </datafield>
  <datafield tag="952" ind1=" " ind2=" ">
    <subfield code="0">0</subfield>
    <subfield code="1">0</subfield>
    <subfield code="2">ddc</subfield>
    <subfield code="4">0</subfield>
    <subfield code="7">0</subfield>
    <subfield code="a">12.27</subfield>
    <subfield code="b">12.27</subfield>
    <subfield code="d">2020-11-06</subfield>
    <subfield code="l">0</subfield>
    <subfield code="o">AP Year 3 500 ASP</subfield>
    <subfield code="p">00050467AGC</subfield>
    <subfield code="r">2024-01-23 14:43:45</subfield>
    <subfield code="w">2024-01-23</subfield>
    <subfield code="y">TXB</subfield>
  </datafield>
  <datafield tag="952" ind1=" " ind2=" ">
    <subfield code="0">0</subfield>
    <subfield code="1">0</subfield>
    <subfield code="2">ddc</subfield>
    <subfield code="4">0</subfield>
    <subfield code="7">0</subfield>
    <subfield code="a">12.27</subfield>
    <subfield code="b">12.27</subfield>
    <subfield code="d">2020-11-06</subfield>
    <subfield code="l">0</subfield>
    <subfield code="o">AP Year 3 500 ASP</subfield>
    <subfield code="p">00050468AGC</subfield>
    <subfield code="r">2024-01-23 14:43:45</subfield>
    <subfield code="w">2024-01-23</subfield>
    <subfield code="y">TXB</subfield>
  </datafield>
  <datafield tag="952" ind1=" " ind2=" ">
    <subfield code="0">0</subfield>
    <subfield code="1">0</subfield>
    <subfield code="2">ddc</subfield>
    <subfield code="4">0</subfield>
    <subfield code="7">0</subfield>
    <subfield code="a">12.27</subfield>
    <subfield code="b">12.27</subfield>
    <subfield code="d">2020-11-06</subfield>
    <subfield code="l">0</subfield>
    <subfield code="o">AP Year 3 500 ASP</subfield>
    <subfield code="p">00050469AGC</subfield>
    <subfield code="r">2024-01-23 14:43:45</subfield>
    <subfield code="w">2024-01-23</subfield>
    <subfield code="y">TXB</subfield>
  </datafield>
  <datafield tag="952" ind1=" " ind2=" ">
    <subfield code="0">0</subfield>
    <subfield code="1">0</subfield>
    <subfield code="2">ddc</subfield>
    <subfield code="4">0</subfield>
    <subfield code="7">0</subfield>
    <subfield code="a">12.27</subfield>
    <subfield code="b">12.27</subfield>
    <subfield code="d">2020-11-06</subfield>
    <subfield code="l">0</subfield>
    <subfield code="o">AP Year 3 500 ASP</subfield>
    <subfield code="p">00050470AGC</subfield>
    <subfield code="r">2024-01-23 14:43:45</subfield>
    <subfield code="w">2024-01-23</subfield>
    <subfield code="y">TXB</subfield>
  </datafield>
  <datafield tag="952" ind1=" " ind2=" ">
    <subfield code="0">0</subfield>
    <subfield code="1">0</subfield>
    <subfield code="2">ddc</subfield>
    <subfield code="4">0</subfield>
    <subfield code="7">0</subfield>
    <subfield code="a">12.27</subfield>
    <subfield code="b">12.27</subfield>
    <subfield code="d">2020-11-06</subfield>
    <subfield code="l">0</subfield>
    <subfield code="o">AP Year 3 500 ASP</subfield>
    <subfield code="p">00050471AGC</subfield>
    <subfield code="r">2024-01-23 14:43:45</subfield>
    <subfield code="w">2024-01-23</subfield>
    <subfield code="y">TXB</subfield>
  </datafield>
  <datafield tag="952" ind1=" " ind2=" ">
    <subfield code="0">0</subfield>
    <subfield code="1">0</subfield>
    <subfield code="2">ddc</subfield>
    <subfield code="4">0</subfield>
    <subfield code="7">0</subfield>
    <subfield code="a">12.27</subfield>
    <subfield code="b">12.27</subfield>
    <subfield code="d">2020-11-06</subfield>
    <subfield code="l">0</subfield>
    <subfield code="o">AP Year 3 500 ASP</subfield>
    <subfield code="p">00050472AGC</subfield>
    <subfield code="r">2024-01-23 14:43:45</subfield>
    <subfield code="w">2024-01-23</subfield>
    <subfield code="y">TXB</subfield>
  </datafield>
  <datafield tag="952" ind1=" " ind2=" ">
    <subfield code="0">0</subfield>
    <subfield code="1">0</subfield>
    <subfield code="2">ddc</subfield>
    <subfield code="4">0</subfield>
    <subfield code="7">0</subfield>
    <subfield code="a">12.27</subfield>
    <subfield code="b">12.27</subfield>
    <subfield code="d">2020-11-06</subfield>
    <subfield code="l">0</subfield>
    <subfield code="o">AP Year 3 500 ASP</subfield>
    <subfield code="p">00050473AGC</subfield>
    <subfield code="r">2024-01-23 14:43:45</subfield>
    <subfield code="w">2024-01-23</subfield>
    <subfield code="y">TXB</subfield>
  </datafield>
  <datafield tag="952" ind1=" " ind2=" ">
    <subfield code="0">0</subfield>
    <subfield code="1">0</subfield>
    <subfield code="2">ddc</subfield>
    <subfield code="4">0</subfield>
    <subfield code="7">0</subfield>
    <subfield code="a">12.27</subfield>
    <subfield code="b">12.27</subfield>
    <subfield code="d">2020-11-06</subfield>
    <subfield code="l">0</subfield>
    <subfield code="o">AP Year 3 500 ASP</subfield>
    <subfield code="p">00050474AGC</subfield>
    <subfield code="r">2024-01-23 14:43:45</subfield>
    <subfield code="w">2024-01-23</subfield>
    <subfield code="y">TXB</subfield>
  </datafield>
  <datafield tag="952" ind1=" " ind2=" ">
    <subfield code="0">0</subfield>
    <subfield code="1">0</subfield>
    <subfield code="2">ddc</subfield>
    <subfield code="4">0</subfield>
    <subfield code="7">0</subfield>
    <subfield code="a">12.27</subfield>
    <subfield code="b">12.27</subfield>
    <subfield code="d">2020-11-06</subfield>
    <subfield code="l">0</subfield>
    <subfield code="o">AP Year 3 500 ASP</subfield>
    <subfield code="p">00050475AGC</subfield>
    <subfield code="r">2024-01-23 14:43:45</subfield>
    <subfield code="w">2024-01-23</subfield>
    <subfield code="y">TXB</subfield>
  </datafield>
  <datafield tag="952" ind1=" " ind2=" ">
    <subfield code="0">0</subfield>
    <subfield code="1">0</subfield>
    <subfield code="2">ddc</subfield>
    <subfield code="4">0</subfield>
    <subfield code="7">0</subfield>
    <subfield code="a">12.27</subfield>
    <subfield code="b">12.27</subfield>
    <subfield code="d">2020-11-06</subfield>
    <subfield code="l">0</subfield>
    <subfield code="o">AP Year 3 500 ASP</subfield>
    <subfield code="p">00050476AGC</subfield>
    <subfield code="r">2024-01-23 14:43:45</subfield>
    <subfield code="w">2024-01-23</subfield>
    <subfield code="y">TXB</subfield>
  </datafield>
  <datafield tag="952" ind1=" " ind2=" ">
    <subfield code="0">0</subfield>
    <subfield code="1">0</subfield>
    <subfield code="2">ddc</subfield>
    <subfield code="4">0</subfield>
    <subfield code="7">0</subfield>
    <subfield code="a">12.27</subfield>
    <subfield code="b">12.27</subfield>
    <subfield code="d">2020-11-06</subfield>
    <subfield code="l">0</subfield>
    <subfield code="o">AP Year 3 500 ASP</subfield>
    <subfield code="p">00050477AGC</subfield>
    <subfield code="r">2024-01-23 14:43:45</subfield>
    <subfield code="w">2024-01-23</subfield>
    <subfield code="y">TXB</subfield>
  </datafield>
  <datafield tag="952" ind1=" " ind2=" ">
    <subfield code="0">0</subfield>
    <subfield code="1">0</subfield>
    <subfield code="2">ddc</subfield>
    <subfield code="4">0</subfield>
    <subfield code="7">0</subfield>
    <subfield code="a">12.27</subfield>
    <subfield code="b">12.27</subfield>
    <subfield code="d">2020-11-06</subfield>
    <subfield code="l">0</subfield>
    <subfield code="o">AP Year 3 500 ASP</subfield>
    <subfield code="p">00050478AGC</subfield>
    <subfield code="r">2024-01-23 14:43:45</subfield>
    <subfield code="w">2024-01-23</subfield>
    <subfield code="y">TXB</subfield>
  </datafield>
  <datafield tag="952" ind1=" " ind2=" ">
    <subfield code="0">0</subfield>
    <subfield code="1">0</subfield>
    <subfield code="2">ddc</subfield>
    <subfield code="4">0</subfield>
    <subfield code="7">0</subfield>
    <subfield code="a">12.27</subfield>
    <subfield code="b">12.27</subfield>
    <subfield code="d">2020-11-06</subfield>
    <subfield code="l">0</subfield>
    <subfield code="o">AP Year 3 500 ASP</subfield>
    <subfield code="p">00050479AGC</subfield>
    <subfield code="r">2024-01-23 14:43:45</subfield>
    <subfield code="w">2024-01-23</subfield>
    <subfield code="y">TXB</subfield>
  </datafield>
  <datafield tag="952" ind1=" " ind2=" ">
    <subfield code="0">0</subfield>
    <subfield code="1">0</subfield>
    <subfield code="2">ddc</subfield>
    <subfield code="4">0</subfield>
    <subfield code="7">0</subfield>
    <subfield code="a">12.27</subfield>
    <subfield code="b">12.27</subfield>
    <subfield code="d">2020-11-06</subfield>
    <subfield code="l">0</subfield>
    <subfield code="o">AP Year 3 500 ASP</subfield>
    <subfield code="p">00050480AGC</subfield>
    <subfield code="r">2024-01-23 14:43:45</subfield>
    <subfield code="w">2024-01-23</subfield>
    <subfield code="y">TXB</subfield>
  </datafield>
  <datafield tag="952" ind1=" " ind2=" ">
    <subfield code="0">0</subfield>
    <subfield code="1">0</subfield>
    <subfield code="2">ddc</subfield>
    <subfield code="4">0</subfield>
    <subfield code="7">0</subfield>
    <subfield code="a">12.27</subfield>
    <subfield code="b">12.27</subfield>
    <subfield code="d">2020-11-06</subfield>
    <subfield code="l">0</subfield>
    <subfield code="o">AP Year 3 500 ASP</subfield>
    <subfield code="p">00050447AGC</subfield>
    <subfield code="r">2024-01-23 14:43:45</subfield>
    <subfield code="w">2024-01-23</subfield>
    <subfield code="y">TXB</subfield>
  </datafield>
  <datafield tag="952" ind1=" " ind2=" ">
    <subfield code="0">0</subfield>
    <subfield code="1">0</subfield>
    <subfield code="2">ddc</subfield>
    <subfield code="4">0</subfield>
    <subfield code="7">0</subfield>
    <subfield code="a">12.27</subfield>
    <subfield code="b">12.27</subfield>
    <subfield code="d">2020-11-06</subfield>
    <subfield code="l">0</subfield>
    <subfield code="o">AP Year 3 500 ASP</subfield>
    <subfield code="p">00050448AGC</subfield>
    <subfield code="r">2024-01-23 14:43:45</subfield>
    <subfield code="w">2024-01-23</subfield>
    <subfield code="y">TXB</subfield>
  </datafield>
  <datafield tag="952" ind1=" " ind2=" ">
    <subfield code="0">0</subfield>
    <subfield code="1">0</subfield>
    <subfield code="2">ddc</subfield>
    <subfield code="4">0</subfield>
    <subfield code="7">0</subfield>
    <subfield code="a">12.27</subfield>
    <subfield code="b">12.27</subfield>
    <subfield code="d">2020-11-06</subfield>
    <subfield code="l">0</subfield>
    <subfield code="o">AP Year 3 500 ASP</subfield>
    <subfield code="p">00050449AGC</subfield>
    <subfield code="r">2024-01-23 14:43:45</subfield>
    <subfield code="w">2024-01-23</subfield>
    <subfield code="y">TXB</subfield>
  </datafield>
  <datafield tag="952" ind1=" " ind2=" ">
    <subfield code="0">0</subfield>
    <subfield code="1">0</subfield>
    <subfield code="2">ddc</subfield>
    <subfield code="4">0</subfield>
    <subfield code="7">0</subfield>
    <subfield code="a">12.27</subfield>
    <subfield code="b">12.27</subfield>
    <subfield code="d">2020-11-06</subfield>
    <subfield code="l">0</subfield>
    <subfield code="o">AP Year 3 500 ASP</subfield>
    <subfield code="p">00050450AGC</subfield>
    <subfield code="r">2024-01-23 14:43:45</subfield>
    <subfield code="w">2024-01-23</subfield>
    <subfield code="y">TXB</subfield>
  </datafield>
  <datafield tag="952" ind1=" " ind2=" ">
    <subfield code="0">0</subfield>
    <subfield code="1">0</subfield>
    <subfield code="2">ddc</subfield>
    <subfield code="4">0</subfield>
    <subfield code="7">0</subfield>
    <subfield code="a">12.27</subfield>
    <subfield code="b">12.27</subfield>
    <subfield code="d">2020-11-06</subfield>
    <subfield code="l">0</subfield>
    <subfield code="o">AP Year 3 500 ASP</subfield>
    <subfield code="p">00050451AGC</subfield>
    <subfield code="r">2024-01-23 14:43:45</subfield>
    <subfield code="w">2024-01-23</subfield>
    <subfield code="y">TXB</subfield>
  </datafield>
  <datafield tag="952" ind1=" " ind2=" ">
    <subfield code="0">0</subfield>
    <subfield code="1">0</subfield>
    <subfield code="2">ddc</subfield>
    <subfield code="4">0</subfield>
    <subfield code="7">0</subfield>
    <subfield code="a">12.27</subfield>
    <subfield code="b">12.27</subfield>
    <subfield code="d">2020-11-06</subfield>
    <subfield code="l">0</subfield>
    <subfield code="o">AP Year 3 500 ASP</subfield>
    <subfield code="p">00050452AGC</subfield>
    <subfield code="r">2024-01-23 14:43:45</subfield>
    <subfield code="w">2024-01-23</subfield>
    <subfield code="y">TXB</subfield>
  </datafield>
  <datafield tag="952" ind1=" " ind2=" ">
    <subfield code="0">0</subfield>
    <subfield code="1">0</subfield>
    <subfield code="2">ddc</subfield>
    <subfield code="4">0</subfield>
    <subfield code="7">0</subfield>
    <subfield code="a">12.27</subfield>
    <subfield code="b">12.27</subfield>
    <subfield code="d">2020-11-06</subfield>
    <subfield code="l">0</subfield>
    <subfield code="o">AP Year 3 500 ASP</subfield>
    <subfield code="p">00050453AGC</subfield>
    <subfield code="r">2024-01-23 14:43:45</subfield>
    <subfield code="w">2024-01-23</subfield>
    <subfield code="y">TXB</subfield>
  </datafield>
  <datafield tag="952" ind1=" " ind2=" ">
    <subfield code="0">0</subfield>
    <subfield code="1">0</subfield>
    <subfield code="2">ddc</subfield>
    <subfield code="4">0</subfield>
    <subfield code="7">0</subfield>
    <subfield code="a">12.27</subfield>
    <subfield code="b">12.27</subfield>
    <subfield code="d">2020-11-06</subfield>
    <subfield code="l">0</subfield>
    <subfield code="o">AP Year 3 500 ASP</subfield>
    <subfield code="p">00050454AGC</subfield>
    <subfield code="r">2024-01-23 14:43:45</subfield>
    <subfield code="w">2024-01-23</subfield>
    <subfield code="y">TXB</subfield>
  </datafield>
  <datafield tag="952" ind1=" " ind2=" ">
    <subfield code="0">0</subfield>
    <subfield code="1">0</subfield>
    <subfield code="2">ddc</subfield>
    <subfield code="4">0</subfield>
    <subfield code="7">0</subfield>
    <subfield code="a">12.27</subfield>
    <subfield code="b">12.27</subfield>
    <subfield code="d">2021-11-12</subfield>
    <subfield code="l">0</subfield>
    <subfield code="o">AP Year 3 500 ASP</subfield>
    <subfield code="p">00055768AGC</subfield>
    <subfield code="r">2024-01-23 14:43:45</subfield>
    <subfield code="w">2024-01-23</subfield>
    <subfield code="y">TXB</subfield>
  </datafield>
  <datafield tag="952" ind1=" " ind2=" ">
    <subfield code="0">0</subfield>
    <subfield code="1">0</subfield>
    <subfield code="2">ddc</subfield>
    <subfield code="4">0</subfield>
    <subfield code="7">0</subfield>
    <subfield code="a">12.27</subfield>
    <subfield code="b">12.27</subfield>
    <subfield code="d">2021-11-12</subfield>
    <subfield code="l">0</subfield>
    <subfield code="o">AP Year 3 500 ASP</subfield>
    <subfield code="p">00055769AGC</subfield>
    <subfield code="r">2024-01-23 14:43:46</subfield>
    <subfield code="w">2024-01-23</subfield>
    <subfield code="y">TXB</subfield>
  </datafield>
  <datafield tag="952" ind1=" " ind2=" ">
    <subfield code="0">0</subfield>
    <subfield code="1">0</subfield>
    <subfield code="2">ddc</subfield>
    <subfield code="4">0</subfield>
    <subfield code="7">0</subfield>
    <subfield code="a">12.27</subfield>
    <subfield code="b">12.27</subfield>
    <subfield code="d">2021-11-12</subfield>
    <subfield code="l">0</subfield>
    <subfield code="o">AP Year 3 500 ASP</subfield>
    <subfield code="p">00055770AGC</subfield>
    <subfield code="r">2024-01-23 14:43:46</subfield>
    <subfield code="w">2024-01-23</subfield>
    <subfield code="y">TXB</subfield>
  </datafield>
  <datafield tag="952" ind1=" " ind2=" ">
    <subfield code="0">0</subfield>
    <subfield code="1">0</subfield>
    <subfield code="2">ddc</subfield>
    <subfield code="4">0</subfield>
    <subfield code="7">0</subfield>
    <subfield code="a">12.27</subfield>
    <subfield code="b">12.27</subfield>
    <subfield code="d">2021-11-12</subfield>
    <subfield code="l">0</subfield>
    <subfield code="o">AP Year 3 500 ASP</subfield>
    <subfield code="p">00055771AGC</subfield>
    <subfield code="r">2024-01-23 14:43:46</subfield>
    <subfield code="w">2024-01-23</subfield>
    <subfield code="y">TXB</subfield>
  </datafield>
  <datafield tag="952" ind1=" " ind2=" ">
    <subfield code="0">0</subfield>
    <subfield code="1">0</subfield>
    <subfield code="2">ddc</subfield>
    <subfield code="4">0</subfield>
    <subfield code="7">0</subfield>
    <subfield code="a">12.27</subfield>
    <subfield code="b">12.27</subfield>
    <subfield code="d">2021-11-12</subfield>
    <subfield code="l">0</subfield>
    <subfield code="o">AP Year 3 500 ASP</subfield>
    <subfield code="p">00055772AGC</subfield>
    <subfield code="r">2024-01-23 14:43:46</subfield>
    <subfield code="w">2024-01-23</subfield>
    <subfield code="y">TXB</subfield>
  </datafield>
  <datafield tag="952" ind1=" " ind2=" ">
    <subfield code="0">0</subfield>
    <subfield code="1">0</subfield>
    <subfield code="2">ddc</subfield>
    <subfield code="4">0</subfield>
    <subfield code="7">0</subfield>
    <subfield code="a">12.27</subfield>
    <subfield code="b">12.27</subfield>
    <subfield code="d">2021-11-12</subfield>
    <subfield code="l">0</subfield>
    <subfield code="o">AP Year 3 500 ASP</subfield>
    <subfield code="p">00055773AGC</subfield>
    <subfield code="r">2024-01-23 14:43:46</subfield>
    <subfield code="w">2024-01-23</subfield>
    <subfield code="y">TXB</subfield>
  </datafield>
  <datafield tag="952" ind1=" " ind2=" ">
    <subfield code="0">0</subfield>
    <subfield code="1">0</subfield>
    <subfield code="2">ddc</subfield>
    <subfield code="4">0</subfield>
    <subfield code="7">0</subfield>
    <subfield code="a">12.27</subfield>
    <subfield code="b">12.27</subfield>
    <subfield code="d">2021-11-12</subfield>
    <subfield code="l">0</subfield>
    <subfield code="o">AP Year 3 500 ASP</subfield>
    <subfield code="p">00055774AGC</subfield>
    <subfield code="r">2024-01-23 14:43:46</subfield>
    <subfield code="w">2024-01-23</subfield>
    <subfield code="y">TXB</subfield>
  </datafield>
  <datafield tag="952" ind1=" " ind2=" ">
    <subfield code="0">0</subfield>
    <subfield code="1">0</subfield>
    <subfield code="2">ddc</subfield>
    <subfield code="4">0</subfield>
    <subfield code="7">0</subfield>
    <subfield code="a">12.27</subfield>
    <subfield code="b">12.27</subfield>
    <subfield code="d">2021-11-12</subfield>
    <subfield code="l">0</subfield>
    <subfield code="o">AP Year 3 500 ASP</subfield>
    <subfield code="p">00055775AGC</subfield>
    <subfield code="r">2024-01-23 14:43:46</subfield>
    <subfield code="w">2024-01-23</subfield>
    <subfield code="y">TXB</subfield>
  </datafield>
  <datafield tag="952" ind1=" " ind2=" ">
    <subfield code="0">0</subfield>
    <subfield code="1">0</subfield>
    <subfield code="2">ddc</subfield>
    <subfield code="4">0</subfield>
    <subfield code="7">0</subfield>
    <subfield code="a">12.27</subfield>
    <subfield code="b">12.27</subfield>
    <subfield code="d">2021-11-12</subfield>
    <subfield code="l">0</subfield>
    <subfield code="o">AP Year 3 500 ASP</subfield>
    <subfield code="p">00055776AGC</subfield>
    <subfield code="r">2024-01-23 14:43:46</subfield>
    <subfield code="w">2024-01-23</subfield>
    <subfield code="y">TXB</subfield>
  </datafield>
  <datafield tag="952" ind1=" " ind2=" ">
    <subfield code="0">0</subfield>
    <subfield code="1">0</subfield>
    <subfield code="2">ddc</subfield>
    <subfield code="4">0</subfield>
    <subfield code="7">0</subfield>
    <subfield code="a">12.27</subfield>
    <subfield code="b">12.27</subfield>
    <subfield code="d">2021-11-12</subfield>
    <subfield code="l">0</subfield>
    <subfield code="o">AP Year 3 500 ASP</subfield>
    <subfield code="p">00055778AGC</subfield>
    <subfield code="r">2024-01-23 14:43:46</subfield>
    <subfield code="w">2024-01-23</subfield>
    <subfield code="y">TXB</subfield>
  </datafield>
  <datafield tag="952" ind1=" " ind2=" ">
    <subfield code="0">0</subfield>
    <subfield code="1">0</subfield>
    <subfield code="2">ddc</subfield>
    <subfield code="4">0</subfield>
    <subfield code="7">0</subfield>
    <subfield code="a">12.27</subfield>
    <subfield code="b">12.27</subfield>
    <subfield code="d">2021-11-12</subfield>
    <subfield code="l">0</subfield>
    <subfield code="o">AP Year 3 500 ASP</subfield>
    <subfield code="p">00055764AGC</subfield>
    <subfield code="r">2024-01-23 14:43:46</subfield>
    <subfield code="w">2024-01-23</subfield>
    <subfield code="y">TXB</subfield>
  </datafield>
  <datafield tag="952" ind1=" " ind2=" ">
    <subfield code="0">0</subfield>
    <subfield code="1">0</subfield>
    <subfield code="2">ddc</subfield>
    <subfield code="4">0</subfield>
    <subfield code="7">0</subfield>
    <subfield code="a">12.27</subfield>
    <subfield code="b">12.27</subfield>
    <subfield code="d">2021-11-12</subfield>
    <subfield code="l">0</subfield>
    <subfield code="o">AP Year 3 500 ASP</subfield>
    <subfield code="p">00055765AGC</subfield>
    <subfield code="r">2024-01-23 14:43:46</subfield>
    <subfield code="w">2024-01-23</subfield>
    <subfield code="y">TXB</subfield>
  </datafield>
  <datafield tag="952" ind1=" " ind2=" ">
    <subfield code="0">0</subfield>
    <subfield code="1">0</subfield>
    <subfield code="2">ddc</subfield>
    <subfield code="4">0</subfield>
    <subfield code="7">0</subfield>
    <subfield code="a">12.27</subfield>
    <subfield code="b">12.27</subfield>
    <subfield code="d">2021-11-12</subfield>
    <subfield code="l">0</subfield>
    <subfield code="o">AP Year 3 500 ASP</subfield>
    <subfield code="p">00055766AGC</subfield>
    <subfield code="r">2024-01-23 14:43:46</subfield>
    <subfield code="w">2024-01-23</subfield>
    <subfield code="y">TXB</subfield>
  </datafield>
  <datafield tag="952" ind1=" " ind2=" ">
    <subfield code="0">0</subfield>
    <subfield code="1">0</subfield>
    <subfield code="2">ddc</subfield>
    <subfield code="4">0</subfield>
    <subfield code="7">0</subfield>
    <subfield code="a">12.27</subfield>
    <subfield code="b">12.27</subfield>
    <subfield code="d">2021-11-12</subfield>
    <subfield code="l">0</subfield>
    <subfield code="o">AP Year 3 500 ASP</subfield>
    <subfield code="p">00055767AGC</subfield>
    <subfield code="r">2024-01-23 14:43:46</subfield>
    <subfield code="w">2024-01-23</subfield>
    <subfield code="y">TXB</subfield>
  </datafield>
  <datafield tag="999" ind1=" " ind2=" ">
    <subfield code="c">110171</subfield>
    <subfield code="d">110171</subfield>
  </datafield>
</record>
